{"text_format":"1","workbook":"xlsx","n_sheets":5,"sheets":["Stavba","300 3418300 KL","300 3418300 Rek","300 3418300 Pol","OaVNS"],"not_rendered":{"charts":0,"images":0,"macros":0,"external_links":0,"defined_names":32,"comments":0,"pivot_tables":0},"unopened":[],"bounds":{"document_bytes":16777216,"sheet_cells":100000,"rows_first":2000,"rows_last":500,"rows_between":2000,"halvings":0,"cell_chars":16384,"cell_head_chars":4096},"cells_cut":0,"cells_raw":0,"read":"whole","date_system":"1900"}

{"sheet":"Stavba","index":0,"n_rows":38,"n_cols":10,"rows_kept":38,"cut":false,"hidden":false,"merged":[[22,8,22,9],[4,4,5,9],[18,8,18,9],[19,8,19,9],[20,8,20,9],[21,8,21,9]]}
[]
[null,null,"Položkový rozpočet stavby",null,null,null,null,"Datum: ",{"$f":"TODAY()","v":"2025-02-20"}]
[null,null,null," "]
[]
[null,null,"Stavba :","3418","„Lomnice nad Popelkou – Obnova vodovodu v ulici Mlynářská, podél rybníka Matouš“"]
[]
[null,null,"Objednatel : ","Vodohospodářské sdružení Turnov",null,null,null,"IČO :","49295934"]
[null,null,null,"Antonína Dvořáka 287",null,null,null,"DIČ :","CZ49295934"]
[null,null,"51101","Turnov"]
[]
[null,null,"Zhotovitel : ",".",null,null,null,"IČO :"]
[null,null,null,null,null,null,null,"DIČ :"]
[]
[null,null,"Za zhotovitele :",null,null,null,null,"Za objednatele :"]
[]
[null,null,"_______________",null,null,null,null,"_______________"]
[]
[null,null,null,null,null,null,null,null,null,"Rozpočtové náklady"]
[null,"Základ pro DPH",null,12,"%",null,null,null,{"$f":"ROUND(G32,0)","v":0}]
[null,"DPH ",null,{"$f":"SazbaDPH1","v":12},"%",null,null,null,{"$f":"ROUND(I19*D20/100,0)","v":0}]
[null,"Základ pro DPH",null,21,"%",null,null,null,{"$f":"ROUND(H32,0)","v":100000}]
[null,"DPH ",null,{"$f":"SazbaDPH2","v":21},"%",null,null,null,{"$f":"ROUND(I21*D21/100,0)","v":21000}]
[null,"Cena celkem za stavbu",null,null,null,null,null,null,{"$f":"SUM(I19:I22)","v":121000}]
[]
[]
[null,"Rekapitulace stavebních objektů a provozních souborů"]
[]
[null,"Číslo a název objektu / provozního souboru",null,null,null,"Cena celkem",{"$f":"CONCATENATE(\"Základ DPH \",SazbaDPH1,\" %\")","v":"Základ DPH 12 %"},{"$f":"CONCATENATE(\"Základ DPH \",SazbaDPH2,\" %\")","v":"Základ DPH 21 %"},"DPH celkem","%"]
[null,"300","Rekonstrukce vodovodu km 0,000-0,253.02",null,null,{"$f":"G29+H29+I29","v":0},0,{"$f":"SUM(H37)","v":0},{"$f":"(G29*SazbaDPH1)/100+(H29*SazbaDPH2)/100","v":0},{"$f":"IF(CelkemObjekty=0,\"\",F29/CelkemObjekty*100)","v":0}]
[null,"OaVNS","Ostatní a vedlejší náklady stavby",null,null,{"$f":"G30+H30+I30","v":0},0,{"$f":"SUM(OaVNS!G30)","v":0},0,0]
[null,"PR","Povinná rezerva",null,null,121000,0,100000,21000,100]
[null,"Celkem za stavbu",null,null,null,{"$f":"SUM(F29:F31)","v":121000},{"$f":"SUM(G29:G31)","v":0},{"$f":"SUM(H29:H31)","v":100000},{"$f":"SUM(I29:I31)","v":21000},{"$f":"IF(CelkemObjekty=0,\"\",F32/CelkemObjekty*100)","v":100}]
[]
[null,"Rekapitulace stavebních rozpočtů"]
[]
[null,"Číslo objektu","Číslo a název rozpočtu",null,null,"Cena celkem",{"$f":"CONCATENATE(\"Základ DPH \",SazbaDPH1,\" %\")","v":"Základ DPH 12 %"},{"$f":"CONCATENATE(\"Základ DPH \",SazbaDPH2,\" %\")","v":"Základ DPH 21 %"},"DPH celkem","%"]
[null,"300","3418/300 Rekonstrukce vodovodu km 0,000-0,253.02",null,null,{"$f":"G37+H37+I37","v":0},0,{"$f":"SUM('300 3418300 KL'!C23)","v":0},{"$f":"(G37*SazbaDPH1)/100+(H37*SazbaDPH2)/100","v":0},{"$f":"IF(CelkemObjekty=0,\"\",F37/CelkemObjekty*100)","v":0}]
[null,"Celkem za stavbu",null,null,null,{"$f":"SUM(F37:F37)","v":0},{"$f":"SUM(G37:G37)","v":0},{"$f":"SUM(H37:H37)","v":0},{"$f":"SUM(I37:I37)","v":0},{"$f":"IF(CelkemObjekty=0,\"\",F38/CelkemObjekty*100)","v":0}]

{"sheet":"300 3418300 KL","index":1,"n_rows":45,"n_cols":8,"rows_kept":45,"cut":false,"hidden":false,"merged":[[50,1,50,6],[29,5,29,6],[30,5,30,6],[31,5,31,6],[32,5,32,6],[33,5,33,6],[36,1,44,6],[45,1,45,6],[46,1,46,6],[47,1,47,6],[48,1,48,6],[49,1,49,6],[22,0,22,1],[7,2,7,4],[8,2,8,4],[9,2,9,4],[10,2,10,4],[11,2,11,4]]}
["POLOŽKOVÝ ROZPOČET"]
["Rozpočet",null,"3418/300","Rekonstrukce vodovodu km 0,000-0,253.02",null,"JKSO ","827.11.A1"]
[]
["Objekt",null,null,null,null,"SKP "]
["300",null,"Rekonstrukce vodovodu km 0,000-0,253.02",null,null,"Měrná jednotka","m"]
["Stavba",null,null,null,null,"Počet jednotek",0]
["3418",null,"Rekonstrukce vodovodu ul. Mlynářská",null,null,"Náklady na m.j.",{"$f":"IF(G6=0,,ROUND((F30+F32)/G6,1))","v":0}]
["Projektant",null,"FanIT s.r.o. Kublov",null,null,"Typ rozpočtu"]
["Zpracovatel projektu"]
["Objednatel",null,"Vodohospodářské sdružení Turnov"]
["Dodavatel",null,".",null,null,"Zakázkové číslo "]
["Rozpočtoval",null,null,null,null,"Počet listů"]
["ROZPOČTOVÉ NÁKLADY"]
["Základní rozpočtové náklady"]
[null,"HSV celkem",{"$f":"'300 3418300 Rek'!E12","v":0}]
["Z","PSV celkem",{"$f":"'300 3418300 Rek'!F12","v":0}]
["R","M práce celkem",{"$f":"'300 3418300 Rek'!H12","v":0}]
["N","M dodávky celkem",{"$f":"'300 3418300 Rek'!G12","v":0}]
["ZRN celkem",null,{"$f":"SUM(C15:C18)","v":0}]
[]
["HZS",null,{"$f":"'300 3418300 Rek'!I12","v":0}]
["ZRN+HZS",null,{"$f":"C19+C21","v":0}]
["ZRN+ost.náklady+HZS",null,{"$f":"C22+G23","v":0}]
["Vypracoval",null,null,"Za zhotovitele",null,"Za objednatele"]
["Jméno :",null,null,"Jméno :",null,"Jméno :"]
["Datum :",null,null,"Datum :",null,"Datum :"]
[]
["Podpis :",null,null,"Podpis:",null,"Podpis:"]
[]
["Základ pro DPH",null,21,"%  ",null,{"$f":"C23-F32","v":0}]
["DPH",null,{"$f":"C30","v":21},"% ",null,{"$f":"ROUND(PRODUCT(F30,C31/100),0)","v":0}]
["Základ pro DPH",null,0,"% ",null,0]
["DPH",null,{"$f":"C32","v":0},"% ",null,{"$f":"ROUND(PRODUCT(F32,C33/100),0)","v":0}]
["CENA ZA OBJEKT CELKEM",null,null,null,null,{"$f":"ROUND(SUM(F30:F33),0)","v":0}]
[]
["Poznámka :",null,null,null,null,null,null," "]
[null,null,null,null,null,null,null," "]
[null,null,null,null,null,null,null," "]
[null,null,null,null,null,null,null," "]
[null,null,null,null,null,null,null," "]
[null,null,null,null,null,null,null," "]
[null,null,null,null,null,null,null," "]
[null,null,null,null,null,null,null," "]
[null,null,null,null,null,null,null," "]
[null,null,null,null,null,null,null," "]

{"sheet":"300 3418300 Rek","index":2,"n_rows":12,"n_cols":9,"rows_kept":12,"cut":false,"hidden":false,"merged":[[0,0,0,1],[1,0,1,1],[1,6,1,8]]}
["Stavba :",null,"3418 Rekonstrukce vodovodu ul. Mlynářská",null,null,null,"Rozpočet :","3418/300"]
["Objekt :",null,"300 Rekonstrukce vodovodu km 0,000-0,253.02",null,null,null,"Rekonstrukce vodovodu km 0,000-0,253.02"]
[]
["REKAPITULACE  STAVEBNÍCH  DÍLŮ"]
[]
[null,"Stavební díl",null,null,"HSV","PSV","Dodávka","Montáž","HZS"]
[{"$f":"'300 3418300 Pol'!B7","v":"1"},{"$f":"'300 3418300 Pol'!C7","v":"Zemní práce"},null,null,{"$f":"'300 3418300 Pol'!BA133","v":0},{"$f":"'300 3418300 Pol'!BB133","v":0},{"$f":"'300 3418300 Pol'!BC133","v":0},{"$f":"'300 3418300 Pol'!BD133","v":0},{"$f":"'300 3418300 Pol'!BE133","v":0}]
[{"$f":"'300 3418300 Pol'!B134","v":"45"},{"$f":"'300 3418300 Pol'!C134","v":"Podkladní a vedlejší konstrukce"},null,null,{"$f":"'300 3418300 Pol'!BA140","v":0},{"$f":"'300 3418300 Pol'!BB140","v":0},{"$f":"'300 3418300 Pol'!BC140","v":0},{"$f":"'300 3418300 Pol'!BD140","v":0},{"$f":"'300 3418300 Pol'!BE140","v":0}]
[{"$f":"'300 3418300 Pol'!B141","v":"5"},{"$f":"'300 3418300 Pol'!C141","v":"Komunikace"},null,null,{"$f":"'300 3418300 Pol'!BA151","v":0},{"$f":"'300 3418300 Pol'!BB151","v":0},{"$f":"'300 3418300 Pol'!BC151","v":0},{"$f":"'300 3418300 Pol'!BD151","v":0},{"$f":"'300 3418300 Pol'!BE151","v":0}]
[{"$f":"'300 3418300 Pol'!B152","v":"8"},{"$f":"'300 3418300 Pol'!C152","v":"Trubní vedení"},null,null,{"$f":"'300 3418300 Pol'!BA457","v":0},{"$f":"'300 3418300 Pol'!BB457","v":0},{"$f":"'300 3418300 Pol'!BC457","v":0},{"$f":"'300 3418300 Pol'!BD457","v":0},{"$f":"'300 3418300 Pol'!BE457","v":0}]
[{"$f":"'300 3418300 Pol'!B458","v":"99"},{"$f":"'300 3418300 Pol'!C458","v":"Staveništní přesun hmot"},null,null,{"$f":"'300 3418300 Pol'!BA461","v":0},{"$f":"'300 3418300 Pol'!BB461","v":0},{"$f":"'300 3418300 Pol'!BC461","v":0},{"$f":"'300 3418300 Pol'!BD461","v":0},{"$f":"'300 3418300 Pol'!BE461","v":0}]
[null,"CELKEM  OBJEKT",null,null,{"$f":"SUM(E7:E11)","v":0},{"$f":"SUM(F7:F11)","v":0},{"$f":"SUM(G7:G11)","v":0},{"$f":"SUM(H7:H11)","v":0},{"$f":"SUM(I7:I11)","v":0}]

{"sheet":"300 3418300 Pol","index":3,"n_rows":461,"n_cols":80,"rows_kept":461,"cut":false,"hidden":false,"merged":[[451,2,451,3],[452,2,452,3],[454,2,454,3],[455,2,455,3],[459,2,459,6],[443,2,443,6],[444,2,444,6],[445,2,445,3],[446,2,446,3],[448,2,448,3],[449,2,449,3],[437,2,437,6],[438,2,438,6],[439,2,439,6],[440,2,440,6],[441,2,441,6],[442,2,442,6],[431,2,431,6],[432,2,432,6],[433,2,433,6],[434,2,434,6],[435,2,435,6],[436,2,436,6],[424,2,424,6],[425,2,425,6],[426,2,426,6],[427,2,427,6],[428,2,428,3],[429,2,429,3],[418,2,418,6],[419,2,419,6],[420,2,420,6],[421,2,421,6],[422,2,422,6],[423,2,423,6],[411,2,411,3],[412,2,412,3],[414,2,414,6],[415,2,415,6],[416,2,416,6],[417,2,417,6],[405,2,405,6],[406,2,406,6],[407,2,407,6],[408,2,408,6],[409,2,409,6],[410,2,410,6],[399,2,399,6],[400,2,400,6],[401,2,401,6],[402,2,402,6],[403,2,403,6],[404,2,404,6],[393,2,393,6],[394,2,394,6],[395,2,395,6],[396,2,396,6],[397,2,397,6],[398,2,398,6],[387,2,387,6],[388,2,388,6],[389,2,389,6],[390,2,390,6],[391,2,391,6],[392,2,392,6],[380,2,380,3],[381,2,381,3],[383,2,383,6],[384,2,384,6],[385,2,385,6],[386,2,386,6],[373,2,373,6],[374,2,374,6],[375,2,375,6],[376,2,376,3],[377,2,377,3],[379,2,379,3],[366,2,366,6],[367,2,367,3],[368,2,368,3],[370,2,370,6],[371,2,371,6],[372,2,372,6],[359,2,359,3],[361,2,361,6],[362,2,362,6],[363,2,363,6],[364,2,364,6],[365,2,365,6],[352,2,352,3],[353,2,353,3],[355,2,355,3],[356,2,356,3],[358,2,358,3],[346,2,346,3],[347,2,347,3],[349,2,349,3],[350,2,350,3],[351,2,351,3],[338,2,338,3],[339,2,339,3],[340,2,340,3],[342,2,342,3],[343,2,343,3],[344,2,344,3],[329,2,329,3],[330,2,330,3],[332,2,332,3],[333,2,333,3],[335,2,335,3],[336,2,336,3],[320,2,320,3],[321,2,321,3],[323,2,323,3],[324,2,324,3],[326,2,326,3],[327,2,327,3],[312,2,312,3],[313,2,313,3],[314,2,314,3],[315,2,315,3],[317,2,317,3],[318,2,318,3],[305,2,305,6],[306,2,306,6],[307,2,307,6],[308,2,308,6],[309,2,309,6],[310,2,310,3],[298,2,298,6],[299,2,299,6],[300,2,300,6],[301,2,301,3],[302,2,302,3],[303,2,303,3],[291,2,291,3],[293,2,293,6],[294,2,294,6],[295,2,295,6],[296,2,296,6],[297,2,297,6],[284,2,284,3],[285,2,285,3],[286,2,286,3],[288,2,288,3],[289,2,289,3],[290,2,290,3],[277,2,277,3],[278,2,278,3],[279,2,279,3],[280,2,280,3],[281,2,281,3],[283,2,283,3],[270,2,270,3],[271,2,271,3],[273,2,273,6],[274,2,274,3],[275,2,275,3],[276,2,276,3],[263,2,263,3],[264,2,264,3],[265,2,265,3],[266,2,266,3],[267,2,267,3],[269,2,269,3],[255,2,255,3],[256,2,256,3],[257,2,257,3],[259,2,259,3],[260,2,260,3],[262,2,262,6],[246,2,246,3],[248,2,248,6],[249,2,249,3],[251,2,251,3],[252,2,252,3],[253,2,253,3],[238,2,238,3],[240,2,240,6],[241,2,241,3],[242,2,242,3],[243,2,243,3],[245,2,245,6],[231,2,231,3],[232,2,232,3],[233,2,233,3],[235,2,235,6],[236,2,236,3],[237,2,237,3],[223,2,223,3],[225,2,225,6],[226,2,226,6],[227,2,227,3],[228,2,228,3],[230,2,230,3],[216,2,216,6],[217,2,217,3],[218,2,218,3],[220,2,220,6],[221,2,221,6],[222,2,222,3],[209,2,209,6],[210,2,210,3],[211,2,211,3],[212,2,212,3],[213,2,213,3],[215,2,215,6],[202,2,202,3],[203,2,203,3],[204,2,204,3],[205,2,205,3],[206,2,206,3],[207,2,207,3],[194,2,194,6],[195,2,195,3],[197,2,197,3],[198,2,198,3],[199,2,199,3],[200,2,200,3],[186,2,186,3],[187,2,187,3],[189,2,189,6],[190,2,190,3],[191,2,191,3],[192,2,192,3],[179,2,179,3],[180,2,180,3],[181,2,181,3],[183,2,183,6],[184,2,184,6],[185,2,185,3],[172,2,172,3],[173,2,173,3],[175,2,175,6],[176,2,176,6],[177,2,177,3],[178,2,178,3],[165,2,165,6],[166,2,166,6],[167,2,167,6],[168,2,168,6],[169,2,169,6],[171,2,171,6],[158,2,158,6],[159,2,159,6],[160,2,160,6],[162,2,162,6],[163,2,163,6],[164,2,164,6],[147,2,147,3],[148,2,148,3],[149,2,149,3],[153,2,153,6],[154,2,154,6],[155,2,155,6],[156,2,156,6],[157,2,157,6],[135,2,135,3],[136,2,136,3],[137,2,137,3],[142,2,142,3],[143,2,143,3],[144,2,144,3],[146,2,146,6],[127,2,127,3],[128,2,128,3],[129,2,129,3],[130,2,130,3],[131,2,131,3],[121,2,121,3],[122,2,122,3],[123,2,123,3],[124,2,124,3],[125,2,125,3],[126,2,126,3],[114,2,114,3],[115,2,115,3],[116,2,116,3],[118,2,118,3],[119,2,119,3],[120,2,120,3],[103,2,103,3],[104,2,104,3],[106,2,106,3],[107,2,107,3],[108,2,108,3],[112,2,112,6],[96,2,96,3],[97,2,97,3],[98,2,98,3],[100,2,100,3],[101,2,101,3],[102,2,102,3],[89,2,89,3],[90,2,90,3],[91,2,91,3],[92,2,92,3],[93,2,93,3],[94,2,94,3],[83,2,83,3],[84,2,84,3],[85,2,85,3],[86,2,86,3],[87,2,87,3],[88,2,88,3],[76,2,76,3],[77,2,77,3],[79,2,79,6],[80,2,80,6],[81,2,81,3],[82,2,82,3],[69,2,69,3],[70,2,70,3],[71,2,71,3],[73,2,73,3],[74,2,74,3],[75,2,75,3],[62,2,62,3],[63,2,63,3],[64,2,64,3],[66,2,66,3],[67,2,67,3],[68,2,68,3],[55,2,55,3],[56,2,56,3],[57,2,57,3],[59,2,59,3],[60,2,60,3],[61,2,61,3],[48,2,48,3],[49,2,49,3],[50,2,50,3],[51,2,51,3],[53,2,53,3],[54,2,54,3],[41,2,41,3],[42,2,42,3],[43,2,43,3],[44,2,44,3],[46,2,46,6],[47,2,47,3],[34,2,34,3],[35,2,35,3],[36,2,36,3],[37,2,37,3],[38,2,38,3],[40,2,40,3],[28,2,28,6],[29,2,29,3],[30,2,30,3],[31,2,31,3],[32,2,32,3],[33,2,33,3],[21,2,21,6],[22,2,22,3],[23,2,23,3],[24,2,24,3],[25,2,25,3],[26,2,26,3],[13,2,13,3],[14,2,14,3],[16,2,16,3],[17,2,17,3],[18,2,18,3],[20,2,20,6],[0,0,0,6],[2,0,2,1],[3,0,3,1],[3,4,3,6],[8,2,8,3],[9,2,9,3],[10,2,10,3],[12,2,12,3]]}
["Položkový rozpočet "]
[]
["Stavba :",null,"3418 Rekonstrukce vodovodu ul. Mlynářská",null,"Rozpočet:",{"$f":"'300 3418300 Rek'!H1","v":"3418/300"}]
["Objekt :",null,"300 Rekonstrukce vodovodu km 0,000-0,253.02",null,{"$f":"'300 3418300 Rek'!G2","v":"Rekonstrukce vodovodu km 0,000-0,253.02"}]
[]
["P.č.","Číslo položky","Název položky","MJ","množství","cena / MJ","celkem (Kč)","Jednotková hmotnost","Celková hmotnost","Jednotková dem.hmot.","Celková dem.hmot."]
["Díl:","1","Zemní práce",null,null,null,null,null,null,null,null,null,null,null,1]
[1,"113107630R00","Odstranění podkladu nad 50 m2,kam.drcené tl.30 cm ","m2",251.71799999999999,null,{"$f":"E8*F8","v":0},0,{"$f":"E8*H8","v":0},-0.66,{"$f":"E8*J8","v":-166.13388},null,null,null,2,null,null,null,null,null,null,null,null,null,null,null,1,1,1,null,null,null,null,null,null,null,null,null,null,null,null,null,null,null,null,null,null,null,null,null,null,1,{"$f":"IF(AZ8=1,G8,0)","v":0},{"$f":"IF(AZ8=2,G8,0)","v":0},{"$f":"IF(AZ8=3,G8,0)","v":0},{"$f":"IF(AZ8=4,G8,0)","v":0},{"$f":"IF(AZ8=5,G8,0)","v":0},null,null,null,null,null,null,null,null,null,null,null,null,null,null,null,null,null,null,null,null,null,1,1]
[null,null,"Vodovodní řad PE D110x10,00 km 0,00 - 0,253.02:253,02*0,90",null,227.71799999999999,null,null,null,null,null,null,null,"Vodovodní řad PE D110x10,00 km 0,00 - 0,253.02:253,02*0,90"]
[null,null,"Vodovodní přípojky PE D 32x3,0 mm - Přepojení:",null,0,null,null,null,null,null,null,null,"Vodovodní přípojky PE D 32x3,0 mm - Přepojení:"]
[null,null,"VP01 až VP06:30,00*0,80",null,24,null,null,null,null,null,null,null,"VP01 až VP06:30,00*0,80"]
[2,"113108412R00","Odstranění asfaltové vrstvy pl.nad 50 m2, tl.12 cm ","m2",251.71799999999999,null,{"$f":"E12*F12","v":0},0,{"$f":"E12*H12","v":0},-0.26400000000000001,{"$f":"E12*J12","v":-66.453552000000002},null,null,null,2,null,null,null,null,null,null,null,null,null,null,null,1,1,1,null,null,null,null,null,null,null,null,null,null,null,null,null,null,null,null,null,null,null,null,null,null,1,{"$f":"IF(AZ12=1,G12,0)","v":0},{"$f":"IF(AZ12=2,G12,0)","v":0},{"$f":"IF(AZ12=3,G12,0)","v":0},{"$f":"IF(AZ12=4,G12,0)","v":0},{"$f":"IF(AZ12=5,G12,0)","v":0},null,null,null,null,null,null,null,null,null,null,null,null,null,null,null,null,null,null,null,null,null,1,1]
[null,null,"Vodovodní řad PE D110x10,00 km 0,00 - 0,253.02:253,02*0,90",null,227.71799999999999,null,null,null,null,null,null,null,"Vodovodní řad PE D110x10,00 km 0,00 - 0,253.02:253,02*0,90"]
[null,null,"Vodovodní přípojky PE D 32x3,0 mm - Přepojení:",null,0,null,null,null,null,null,null,null,"Vodovodní přípojky PE D 32x3,0 mm - Přepojení:"]
[null,null,"VP01 až VP06:30,00*0,80",null,24,null,null,null,null,null,null,null,"VP01 až VP06:30,00*0,80"]
[3,"115101201R00","Čerpání vody na výšku do 10 m, přítok do 500 l/min ","h",120,null,{"$f":"E16*F16","v":0},0,{"$f":"E16*H16","v":0},0,{"$f":"E16*J16","v":0},null,null,null,2,null,null,null,null,null,null,null,null,null,null,null,1,1,1,null,null,null,null,null,null,null,null,null,null,null,null,null,null,null,null,null,null,null,null,null,null,1,{"$f":"IF(AZ16=1,G16,0)","v":0},{"$f":"IF(AZ16=2,G16,0)","v":0},{"$f":"IF(AZ16=3,G16,0)","v":0},{"$f":"IF(AZ16=4,G16,0)","v":0},{"$f":"IF(AZ16=5,G16,0)","v":0},null,null,null,null,null,null,null,null,null,null,null,null,null,null,null,null,null,null,null,null,null,1,1]
[null,null,"Vodovodní řad PE D110x10,00 km 0,00 - 0,253.02:",null,0,null,null,null,null,null,null,null,"Vodovodní řad PE D110x10,00 km 0,00 - 0,253.02:"]
[null,null,"Vodovodní přípojky PE D 32x3,0 mm - Přepojení:",null,0,null,null,null,null,null,null,null,"Vodovodní přípojky PE D 32x3,0 mm - Přepojení:"]
[null,null,"Průsak z rybníka (Odhad):120,00",null,120,null,null,null,null,null,null,null,"Průsak z rybníka (Odhad):120,00"]
[4,"130001101RRX","Příplatek za ztížené hloubení v blízkosti vedení ","m3",38.965899999999998,null,{"$f":"E20*F20","v":0},0,{"$f":"E20*H20","v":0},0,{"$f":"E20*J20","v":0},null,null,null,2,null,null,null,null,null,null,null,null,null,null,null,1,1,1,null,null,null,null,null,null,null,null,null,null,null,null,null,null,null,null,null,null,null,null,null,null,1,{"$f":"IF(AZ20=1,G20,0)","v":0},{"$f":"IF(AZ20=2,G20,0)","v":0},{"$f":"IF(AZ20=3,G20,0)","v":0},{"$f":"IF(AZ20=4,G20,0)","v":0},{"$f":"IF(AZ20=5,G20,0)","v":0},null,null,null,null,null,null,null,null,null,null,null,null,null,null,null,null,null,null,null,null,null,1,1]
[null,null,"Včetně případných nutných dokopávem a ručního výkopu podél sousedících inženýrských sítí.",null,null,null,null,null,null,null,null,"Včetně případných nutných dokopávem a ručního výkopu podél sousedících inženýrských sítí.",null,null,3]
[null,null,"Součástí položky je i dočasné zajištění inženýrských sítí v prostoru výkopů (potrubí, kabely a pod.)",null,null,null,null,null,null,null,null,"Součástí položky je i dočasné zajištění inženýrských sítí v prostoru výkopů (potrubí, kabely a pod.)",null,null,3]
[null,null,"Vodovodní řad PE D110x10,00 km 0,00 - 0,253.02:",null,0,null,null,null,null,null,null,null,"Vodovodní řad PE D110x10,00 km 0,00 - 0,253.02:"]
[null,null,"Vodovodní přípojky PE D 32x3,0 mm - Přepojení:",null,0,null,null,null,null,null,null,null,"Vodovodní přípojky PE D 32x3,0 mm - Přepojení:"]
[null,null,"Průměrná hloubka výkopů 1,71 m:",null,0,null,null,null,null,null,null,null,"Průměrná hloubka výkopů 1,71 m:"]
[null,null,"Výkopy:",null,0,null,null,null,null,null,null,null,"Výkopy:"]
[null,null,"V hornině tř. 3 - 4 - 12%:324,7162*0,12",null,38.965899999999998,null,null,null,null,null,null,null,"V hornině tř. 3 - 4 - 12%:324,7162*0,12"]
[5,"132201212R00","Hloubení rýh š.do 200 cm hor.3 do 1000m3,STROJNĚ ","m3",162.35810000000001,null,{"$f":"E28*F28","v":0},0,{"$f":"E28*H28","v":0},0,{"$f":"E28*J28","v":0},null,null,null,2,null,null,null,null,null,null,null,null,null,null,null,1,1,1,null,null,null,null,null,null,null,null,null,null,null,null,null,null,null,null,null,null,null,null,null,null,1,{"$f":"IF(AZ28=1,G28,0)","v":0},{"$f":"IF(AZ28=2,G28,0)","v":0},{"$f":"IF(AZ28=3,G28,0)","v":0},{"$f":"IF(AZ28=4,G28,0)","v":0},{"$f":"IF(AZ28=5,G28,0)","v":0},null,null,null,null,null,null,null,null,null,null,null,null,null,null,null,null,null,null,null,null,null,1,1]
[null,null,"Položka obsahuje hloubení rýh traktorbagrem, naložení výkopku na dopravní prostředek pro svislé, nebo vodorovné přemístění, popř. přemístění výkopku do 3 m (po povrchu území), případné zajištění rypadel polštáři, udržování pracoviště a ochranu výkopiště proti stékání srážkové vody z okolního terénu i s jejím odvodněním, nebo odvedením, přesekání a odstranění kořenů ve výkopišti, odstranění napadávek, urovnání dna výkopu.",null,null,null,null,null,null,null,null,"Položka obsahuje hloubení rýh traktorbagrem, naložení výkopku na dopravní prostředek pro svislé, nebo vodorovné přemístění, popř. přemístění výkopku do 3 m (po povrchu území), případné zajištění rypadel polštáři, udržování pracoviště a ochranu výkopiště proti stékání srážkové vody z okolního terénu i s jejím odvodněním, nebo odvedením, přesekání a odstranění kořenů ve výkopišti, odstranění napadávek, urovnání dna výkopu.",null,null,3]
[null,null,"Vodovodní řad PE D110x10,00 km 0,00 - 0,253.02:",null,0,null,null,null,null,null,null,null,"Vodovodní řad PE D110x10,00 km 0,00 - 0,253.02:"]
[null,null,"Průměrná hloubka výkopů 1,71 m:",null,0,null,null,null,null,null,null,null,"Průměrná hloubka výkopů 1,71 m:"]
[null,null,"Výkopy:",null,0,null,null,null,null,null,null,null,"Výkopy:"]
[null,null,"Začátek provozního součtu",null,0,null,null,null,null,null,null,null,"Začátek provozního součtu"]
[null,null,"Vodovodní řad PE D110x10,00 km 0,00 - 0,253.02:253,02*0,90*1,71",null,389.39780000000002,null,null,null,null,null,null,null,"Vodovodní řad PE D110x10,00 km 0,00 - 0,253.02:253,02*0,90*1,71"]
[null,null,"Vodovodní přípojky PE D 32x3,0 mm - Přepojení:",null,0,null,null,null,null,null,null,null,"Vodovodní přípojky PE D 32x3,0 mm - Přepojení:"]
[null,null,"VP01 až VP06:30,00*0,80*1,71",null,41.04,null,null,null,null,null,null,null,"VP01 až VP06:30,00*0,80*1,71"]
[null,null,"Odpočet objemu konstrukce komunikace:-(253,02*0,90+30,00*0,80)*0,42",null,-105.7216,null,null,null,null,null,null,null,"Odpočet objemu konstrukce komunikace:-(253,02*0,90+30,00*0,80)*0,42"]
[null,null,"Konec provozního součtu",null,324.71620000000007,null,null,null,null,null,null,null,"Konec provozního součtu"]
[null,null,"V hornině tř. 3 - 50%:324,7162*0,5",null,162.35810000000001,null,null,null,null,null,null,null,"V hornině tř. 3 - 50%:324,7162*0,5"]
[6,"132201219R00","Přípl.za lepivost,hloubení rýh 200cm,hor.3,STROJNĚ ","m3",81.179100000000005,null,{"$f":"E40*F40","v":0},0,{"$f":"E40*H40","v":0},0,{"$f":"E40*J40","v":0},null,null,null,2,null,null,null,null,null,null,null,null,null,null,null,1,1,1,null,null,null,null,null,null,null,null,null,null,null,null,null,null,null,null,null,null,null,null,null,null,1,{"$f":"IF(AZ40=1,G40,0)","v":0},{"$f":"IF(AZ40=2,G40,0)","v":0},{"$f":"IF(AZ40=3,G40,0)","v":0},{"$f":"IF(AZ40=4,G40,0)","v":0},{"$f":"IF(AZ40=5,G40,0)","v":0},null,null,null,null,null,null,null,null,null,null,null,null,null,null,null,null,null,null,null,null,null,1,1]
[null,null,"Vodovodní řad PE D110x10,00 km 0,00 - 0,253.02:",null,0,null,null,null,null,null,null,null,"Vodovodní řad PE D110x10,00 km 0,00 - 0,253.02:"]
[null,null,"Vodovodní přípojky PE D 32x3,0 mm - Přepojení:",null,0,null,null,null,null,null,null,null,"Vodovodní přípojky PE D 32x3,0 mm - Přepojení:"]
[null,null,"Průměrná hloubka výkopů 1,71 m:",null,0,null,null,null,null,null,null,null,"Průměrná hloubka výkopů 1,71 m:"]
[null,null,"Výkopy:",null,0,null,null,null,null,null,null,null,"Výkopy:"]
[null,null,"V hornině tř. 3 - 50%:324,7162*0,5*0,5",null,81.179100000000005,null,null,null,null,null,null,null,"V hornině tř. 3 - 50%:324,7162*0,5*0,5"]
[7,"132301212R00","Hloubení rýh š.do 200 cm hor.4 do 1000 m3, STROJNĚ ","m3",162.35810000000001,null,{"$f":"E46*F46","v":0},0,{"$f":"E46*H46","v":0},0,{"$f":"E46*J46","v":0},null,null,null,2,null,null,null,null,null,null,null,null,null,null,null,1,1,1,null,null,null,null,null,null,null,null,null,null,null,null,null,null,null,null,null,null,null,null,null,null,1,{"$f":"IF(AZ46=1,G46,0)","v":0},{"$f":"IF(AZ46=2,G46,0)","v":0},{"$f":"IF(AZ46=3,G46,0)","v":0},{"$f":"IF(AZ46=4,G46,0)","v":0},{"$f":"IF(AZ46=5,G46,0)","v":0},null,null,null,null,null,null,null,null,null,null,null,null,null,null,null,null,null,null,null,null,null,1,1]
[null,null,"Položka obsahuje hloubení rýh traktorbagrem, naložení výkopku na dopravní prostředek pro svislé, nebo vodorovné přemístění, popř. přemístění výkopku do 3 m (po povrchu území), případné zajištění rypadel polštáři, udržování pracoviště a ochranu výkopiště proti stékání srážkové vody z okolního terénu i s jejím odvodněním, nebo odvedením, přesekání a odstranění kořenů ve výkopišti, odstranění napadávek, urovnání dna výkopu.",null,null,null,null,null,null,null,null,"Položka obsahuje hloubení rýh traktorbagrem, naložení výkopku na dopravní prostředek pro svislé, nebo vodorovné přemístění, popř. přemístění výkopku do 3 m (po povrchu území), případné zajištění rypadel polštáři, udržování pracoviště a ochranu výkopiště proti stékání srážkové vody z okolního terénu i s jejím odvodněním, nebo odvedením, přesekání a odstranění kořenů ve výkopišti, odstranění napadávek, urovnání dna výkopu.",null,null,3]
[null,null,"Vodovodní řad PE D110x10,00 km 0,00 - 0,253.02:",null,0,null,null,null,null,null,null,null,"Vodovodní řad PE D110x10,00 km 0,00 - 0,253.02:"]
[null,null,"Vodovodní přípojky PE D 32x3,0 mm - Přepojení:",null,0,null,null,null,null,null,null,null,"Vodovodní přípojky PE D 32x3,0 mm - Přepojení:"]
[null,null,"Průměrná hloubka výkopů 1,71 m:",null,0,null,null,null,null,null,null,null,"Průměrná hloubka výkopů 1,71 m:"]
[null,null,"Výkopy:",null,0,null,null,null,null,null,null,null,"Výkopy:"]
[null,null,"V hornině tř. 4 - 50%:324,7162*0,5",null,162.35810000000001,null,null,null,null,null,null,null,"V hornině tř. 4 - 50%:324,7162*0,5"]
[8,"132301219R00","Přípl.za lepivost,hloubení rýh 200cm,hor.4,STROJNĚ ","m3",81.179100000000005,null,{"$f":"E53*F53","v":0},0,{"$f":"E53*H53","v":0},0,{"$f":"E53*J53","v":0},null,null,null,2,null,null,null,null,null,null,null,null,null,null,null,1,1,1,null,null,null,null,null,null,null,null,null,null,null,null,null,null,null,null,null,null,null,null,null,null,1,{"$f":"IF(AZ53=1,G53,0)","v":0},{"$f":"IF(AZ53=2,G53,0)","v":0},{"$f":"IF(AZ53=3,G53,0)","v":0},{"$f":"IF(AZ53=4,G53,0)","v":0},{"$f":"IF(AZ53=5,G53,0)","v":0},null,null,null,null,null,null,null,null,null,null,null,null,null,null,null,null,null,null,null,null,null,1,1]
[null,null,"Vodovodní řad PE D110x10,00 km 0,00 - 0,253.02:",null,0,null,null,null,null,null,null,null,"Vodovodní řad PE D110x10,00 km 0,00 - 0,253.02:"]
[null,null,"Vodovodní přípojky PE D 32x3,0 mm - Přepojení:",null,0,null,null,null,null,null,null,null,"Vodovodní přípojky PE D 32x3,0 mm - Přepojení:"]
[null,null,"Průměrná hloubka výkopů 1,71 m:",null,0,null,null,null,null,null,null,null,"Průměrná hloubka výkopů 1,71 m:"]
[null,null,"Výkopy:",null,0,null,null,null,null,null,null,null,"Výkopy:"]
[null,null,"V hornině tř. 4 - 50%:324,7162*0,5*0,5",null,81.179100000000005,null,null,null,null,null,null,null,"V hornině tř. 4 - 50%:324,7162*0,5*0,5"]
[9,"151101101R00","Pažení a rozepření stěn rýh - příložné - hl.do 2 m ","m2",967.92840000000001,null,{"$f":"E59*F59","v":0},9.8999999999999999E-4,{"$f":"E59*H59","v":0.95824911599999996},0,{"$f":"E59*J59","v":0},null,null,null,2,null,null,null,null,null,null,null,null,null,null,null,1,1,1,null,null,null,null,null,null,null,null,null,null,null,null,null,null,null,null,null,null,null,null,null,null,1,{"$f":"IF(AZ59=1,G59,0)","v":0},{"$f":"IF(AZ59=2,G59,0)","v":0},{"$f":"IF(AZ59=3,G59,0)","v":0},{"$f":"IF(AZ59=4,G59,0)","v":0},{"$f":"IF(AZ59=5,G59,0)","v":0},null,null,null,null,null,null,null,null,null,null,null,null,null,null,null,null,null,null,null,null,null,1,1]
[null,null,"Vodovodní řad PE D110x10,00 km 0,00 - 0,253.02:",null,0,null,null,null,null,null,null,null,"Vodovodní řad PE D110x10,00 km 0,00 - 0,253.02:"]
[null,null,"Průměrná hloubka výkopů 1,71 m:",null,0,null,null,null,null,null,null,null,"Průměrná hloubka výkopů 1,71 m:"]
[null,null,"Výkopy:",null,0,null,null,null,null,null,null,null,"Výkopy:"]
[null,null,"Vodovodní řad PE D110x10,00 km 0,00 - 0,253.02:253,02*1,71*2",null,865.32839999999999,null,null,null,null,null,null,null,"Vodovodní řad PE D110x10,00 km 0,00 - 0,253.02:253,02*1,71*2"]
[null,null,"Vodovodní přípojky PE D 32x3,0 mm - Přepojení:",null,0,null,null,null,null,null,null,null,"Vodovodní přípojky PE D 32x3,0 mm - Přepojení:"]
[null,null,"VP01 až VP06:30,00*1,71*2",null,102.6,null,null,null,null,null,null,null,"VP01 až VP06:30,00*1,71*2"]
[10,"151101111R00","Odstranění pažení stěn rýh - příložné - hl. do 2 m ","m2",967.92840000000001,null,{"$f":"E66*F66","v":0},0,{"$f":"E66*H66","v":0},0,{"$f":"E66*J66","v":0},null,null,null,2,null,null,null,null,null,null,null,null,null,null,null,1,1,1,null,null,null,null,null,null,null,null,null,null,null,null,null,null,null,null,null,null,null,null,null,null,1,{"$f":"IF(AZ66=1,G66,0)","v":0},{"$f":"IF(AZ66=2,G66,0)","v":0},{"$f":"IF(AZ66=3,G66,0)","v":0},{"$f":"IF(AZ66=4,G66,0)","v":0},{"$f":"IF(AZ66=5,G66,0)","v":0},null,null,null,null,null,null,null,null,null,null,null,null,null,null,null,null,null,null,null,null,null,1,1]
[null,null,"Vodovodní řad PE D110x10,00 km 0,00 - 0,253.02:",null,0,null,null,null,null,null,null,null,"Vodovodní řad PE D110x10,00 km 0,00 - 0,253.02:"]
[null,null,"Průměrná hloubka výkopů 1,71 m:",null,0,null,null,null,null,null,null,null,"Průměrná hloubka výkopů 1,71 m:"]
[null,null,"Výkopy:",null,0,null,null,null,null,null,null,null,"Výkopy:"]
[null,null,"Vodovodní řad PE D110x10,00 km 0,00 - 0,253.02:253,02*1,71*2",null,865.32839999999999,null,null,null,null,null,null,null,"Vodovodní řad PE D110x10,00 km 0,00 - 0,253.02:253,02*1,71*2"]
[null,null,"Vodovodní přípojky PE D 32x3,0 mm - Přepojení:",null,0,null,null,null,null,null,null,null,"Vodovodní přípojky PE D 32x3,0 mm - Přepojení:"]
[null,null,"VP01 až VP06:30,00*1,71*2",null,102.6,null,null,null,null,null,null,null,"VP01 až VP06:30,00*1,71*2"]
[11,"162701105RSZ","Vodorovné přemístění výkopku z hor.1-7 na skládku zhotovitele","m3",324.71620000000001,null,{"$f":"E73*F73","v":0},0,{"$f":"E73*H73","v":0},0,{"$f":"E73*J73","v":0},null,null,null,2,null,null,null,null,null,null,null,null,null,null,null,1,1,1,null,null,null,null,null,null,null,null,null,null,null,null,null,null,null,null,null,null,null,null,null,null,1,{"$f":"IF(AZ73=1,G73,0)","v":0},{"$f":"IF(AZ73=2,G73,0)","v":0},{"$f":"IF(AZ73=3,G73,0)","v":0},{"$f":"IF(AZ73=4,G73,0)","v":0},{"$f":"IF(AZ73=5,G73,0)","v":0},null,null,null,null,null,null,null,null,null,null,null,null,null,null,null,null,null,null,null,null,null,1,1]
[null,null,"Vodovodní řad PE D110x10,00 km 0,00 - 0,253.02:",null,0,null,null,null,null,null,null,null,"Vodovodní řad PE D110x10,00 km 0,00 - 0,253.02:"]
[null,null,"Vodovodní přípojky PE D 32x3,0 mm - Přepojení:",null,0,null,null,null,null,null,null,null,"Vodovodní přípojky PE D 32x3,0 mm - Přepojení:"]
[null,null,"Průměrná hloubka výkopů 1,71 m:",null,0,null,null,null,null,null,null,null,"Průměrná hloubka výkopů 1,71 m:"]
[null,null,"Výkopy:",null,0,null,null,null,null,null,null,null,"Výkopy:"]
[null,null,"V hornině tř. 3 - 4:324,7162",null,324.71620000000001,null,null,null,null,null,null,null,"V hornině tř. 3 - 4:324,7162"]
[12,"174101101R00","Zásyp jam, rýh, šachet se zhutněním ","m3",210.7979,null,{"$f":"E79*F79","v":0},0,{"$f":"E79*H79","v":0},0,{"$f":"E79*J79","v":0},null,null,null,2,null,null,null,null,null,null,null,null,null,null,null,1,1,1,null,null,null,null,null,null,null,null,null,null,null,null,null,null,null,null,null,null,null,null,null,null,1,{"$f":"IF(AZ79=1,G79,0)","v":0},{"$f":"IF(AZ79=2,G79,0)","v":0},{"$f":"IF(AZ79=3,G79,0)","v":0},{"$f":"IF(AZ79=4,G79,0)","v":0},{"$f":"IF(AZ79=5,G79,0)","v":0},null,null,null,null,null,null,null,null,null,null,null,null,null,null,null,null,null,null,null,null,null,1,1]
[null,null,"Položka obsahuje strojní přemístění materiálu pro zásyp ze vzdálenosti do 10 m od okraje zásypu.",null,null,null,null,null,null,null,null,"Položka obsahuje strojní přemístění materiálu pro zásyp ze vzdálenosti do 10 m od okraje zásypu.",null,null,3]
[null,null,null,null,null,null,null,null,null,null,null,null,null,null,3]
[null,null,"Zásypy ŠD fr. 0-63 mm:210,7979",null,210.7979,null,null,null,null,null,null,null,"Zásypy ŠD fr. 0-63 mm:210,7979"]
[null,null,"Vodovodní řad PE D110x10,00 km 0,00 - 0,253.02:",null,0,null,null,null,null,null,null,null,"Vodovodní řad PE D110x10,00 km 0,00 - 0,253.02:"]
[null,null,"Začátek provozního součtu",null,0,null,null,null,null,null,null,null,"Začátek provozního součtu"]
[null,null,"Průměrná hloubka výkopů 1,71 m:",null,0,null,null,null,null,null,null,null,"Průměrná hloubka výkopů 1,71 m:"]
[null,null,"Výkopy:",null,0,null,null,null,null,null,null,null,"Výkopy:"]
[null,null,"Vodovodní řad PE D110x10,00 km 0,00 - 0,253.02:253,02*0,90*1,71",null,389.39780000000002,null,null,null,null,null,null,null,"Vodovodní řad PE D110x10,00 km 0,00 - 0,253.02:253,02*0,90*1,71"]
[null,null,"Vodovodní přípojky PE D 32x3,0 mm - Přepojení:",null,0,null,null,null,null,null,null,null,"Vodovodní přípojky PE D 32x3,0 mm - Přepojení:"]
[null,null,"VP01 až VP06:30,00*0,80*1,71",null,41.04,null,null,null,null,null,null,null,"VP01 až VP06:30,00*0,80*1,71"]
[null,null,"Odpočet objemu nové konstrukce komunikace:-(253,02*0,90+30,00*0,80)*0,37",null,-93.1357,null,null,null,null,null,null,null,"Odpočet objemu nové konstrukce komunikace:-(253,02*0,90+30,00*0,80)*0,37"]
[null,null,"Odpočet objemu lože, potrubí a obsypů:",null,0,null,null,null,null,null,null,null,"Odpočet objemu lože, potrubí a obsypů:"]
[null,null,"Vodovodní řad PE D110x10,00 km 0,00 - 0,253.02:-253,02*0,90*(0,10+0,11+0,30)",null,-116.1362,null,null,null,null,null,null,null,"Vodovodní řad PE D110x10,00 km 0,00 - 0,253.02:-253,02*0,90*(0,10+0,11+0,30)"]
[null,null,"Vodovodní přípojky PE D 32x3,0 mm - Přepojení:",null,0,null,null,null,null,null,null,null,"Vodovodní přípojky PE D 32x3,0 mm - Přepojení:"]
[null,null,"VP01 až VP06:-30,00*0,80*(0,10+0,032+0,30)",null,-10.368,null,null,null,null,null,null,null,"VP01 až VP06:-30,00*0,80*(0,10+0,032+0,30)"]
[null,null,"Konec provozního součtu",null,210.79790000000006,null,null,null,null,null,null,null,"Konec provozního součtu"]
[13,"175101101R00","Obsyp potrubí bez prohození sypaniny ","m3",98.903700000000001,null,{"$f":"E96*F96","v":0},0,{"$f":"E96*H96","v":0},0,{"$f":"E96*J96","v":0},null,null,null,2,null,null,null,null,null,null,null,null,null,null,null,1,1,1,null,null,null,null,null,null,null,null,null,null,null,null,null,null,null,null,null,null,null,null,null,null,1,{"$f":"IF(AZ96=1,G96,0)","v":0},{"$f":"IF(AZ96=2,G96,0)","v":0},{"$f":"IF(AZ96=3,G96,0)","v":0},{"$f":"IF(AZ96=4,G96,0)","v":0},{"$f":"IF(AZ96=5,G96,0)","v":0},null,null,null,null,null,null,null,null,null,null,null,null,null,null,null,null,null,null,null,null,null,1,1]
[null,null,"Vodovodní řad PE D110x10,00 km 0,00 - 0,253.02:253,02*(0,90*(0,11+0,30)-0,055^2*Pi)",null,90.959900000000005,null,null,null,null,null,null,null,"Vodovodní řad PE D110x10,00 km 0,00 - 0,253.02:253,02*(0,90*(0,11+0,30)-0,055^2*Pi)"]
[null,null,"Vodovodní přípojky PE D 32x3,0 mm - Přepojení:",null,0,null,null,null,null,null,null,null,"Vodovodní přípojky PE D 32x3,0 mm - Přepojení:"]
[null,null,"VP01 až VP06:30,00*(0,80*(0,032+0,30)-0,016^2*Pi)",null,7.9439000000000002,null,null,null,null,null,null,null,"VP01 až VP06:30,00*(0,80*(0,032+0,30)-0,016^2*Pi)"]
[14,"199000002R00","Poplatek za skládku horniny 1- 7 č. dle katal. odpadů 17 05 04","m3",324.71620000000001,null,{"$f":"E100*F100","v":0},0,{"$f":"E100*H100","v":0},0,{"$f":"E100*J100","v":0},null,null,null,2,null,null,null,null,null,null,null,null,null,null,null,1,1,1,null,null,null,null,null,null,null,null,null,null,null,null,null,null,null,null,null,null,null,null,null,null,1,{"$f":"IF(AZ100=1,G100,0)","v":0},{"$f":"IF(AZ100=2,G100,0)","v":0},{"$f":"IF(AZ100=3,G100,0)","v":0},{"$f":"IF(AZ100=4,G100,0)","v":0},{"$f":"IF(AZ100=5,G100,0)","v":0},null,null,null,null,null,null,null,null,null,null,null,null,null,null,null,null,null,null,null,null,null,1,1]
[null,null,"Vodovodní řad PE D110x10,00 km 0,00 - 0,253.02:",null,0,null,null,null,null,null,null,null,"Vodovodní řad PE D110x10,00 km 0,00 - 0,253.02:"]
[null,null,"Vodovodní přípojky PE D 32x3,0 mm - Přepojení:",null,0,null,null,null,null,null,null,null,"Vodovodní přípojky PE D 32x3,0 mm - Přepojení:"]
[null,null,"Průměrná hloubka výkopů 1,71 m:",null,0,null,null,null,null,null,null,null,"Průměrná hloubka výkopů 1,71 m:"]
[null,null,"Výkopy:",null,0,null,null,null,null,null,null,null,"Výkopy:"]
[null,null,"V hornině tř. 3 - 4:324,7162",null,324.71620000000001,null,null,null,null,null,null,null,"V hornině tř. 3 - 4:324,7162"]
[15,"919735113R00","Řezání stávajícího živičného krytu tl. 10 - 15 cm ","m",567.84,null,{"$f":"E106*F106","v":0},0,{"$f":"E106*H106","v":0},0,{"$f":"E106*J106","v":0},null,null,null,2,null,null,null,null,null,null,null,null,null,null,null,1,1,1,null,null,null,null,null,null,null,null,null,null,null,null,null,null,null,null,null,null,null,null,null,null,1,{"$f":"IF(AZ106=1,G106,0)","v":0},{"$f":"IF(AZ106=2,G106,0)","v":0},{"$f":"IF(AZ106=3,G106,0)","v":0},{"$f":"IF(AZ106=4,G106,0)","v":0},{"$f":"IF(AZ106=5,G106,0)","v":0},null,null,null,null,null,null,null,null,null,null,null,null,null,null,null,null,null,null,null,null,null,1,1]
[null,null,"Vodovodní řad PE D110x10,00 km 0,00 - 0,253.02:253,02*2+0,90*2",null,507.84,null,null,null,null,null,null,null,"Vodovodní řad PE D110x10,00 km 0,00 - 0,253.02:253,02*2+0,90*2"]
[null,null,"Vodovodní přípojky PE D 32x3,0 mm - Přepojení:",null,0,null,null,null,null,null,null,null,"Vodovodní přípojky PE D 32x3,0 mm - Přepojení:"]
[null,null,"VP01 až VP06:30,00*2",null,60,null,null,null,null,null,null,null,"VP01 až VP06:30,00*2"]
[16,"979082113RSZ","Vodorovná doprava suti po suchu na skládku zhotovitele","t",232.5874,null,{"$f":"E110*F110","v":0},0,{"$f":"E110*H110","v":0},0,{"$f":"E110*J110","v":0},null,null,null,2,null,null,null,null,null,null,null,null,null,null,null,1,1,1,null,null,null,null,null,null,null,null,null,null,null,null,null,null,null,null,null,null,null,null,null,null,1,{"$f":"IF(AZ110=1,G110,0)","v":0},{"$f":"IF(AZ110=2,G110,0)","v":0},{"$f":"IF(AZ110=3,G110,0)","v":0},{"$f":"IF(AZ110=4,G110,0)","v":0},{"$f":"IF(AZ110=5,G110,0)","v":0},null,null,null,null,null,null,null,null,null,null,null,null,null,null,null,null,null,null,null,null,null,1,1]
[17,"979089001R00","Poplatek za skládku stavební suti štěrky z komunikací, skupina odpadu 010408","t",166.13390000000001,null,{"$f":"E111*F111","v":0},0,{"$f":"E111*H111","v":0},0,{"$f":"E111*J111","v":0},null,null,null,2,null,null,null,null,null,null,null,null,null,null,null,1,1,1,null,null,null,null,null,null,null,null,null,null,null,null,null,null,null,null,null,null,null,null,null,null,1,{"$f":"IF(AZ111=1,G111,0)","v":0},{"$f":"IF(AZ111=2,G111,0)","v":0},{"$f":"IF(AZ111=3,G111,0)","v":0},{"$f":"IF(AZ111=4,G111,0)","v":0},{"$f":"IF(AZ111=5,G111,0)","v":0},null,null,null,null,null,null,null,null,null,null,null,null,null,null,null,null,null,null,null,null,null,1,1]
[18,"979999995R00","Poplatek za reciklaci asfaltu, kusovost do 1600cm2 skupina 170302","t",66.453500000000005,null,{"$f":"E112*F112","v":0},0,{"$f":"E112*H112","v":0},0,{"$f":"E112*J112","v":0},null,null,null,2,null,null,null,null,null,null,null,null,null,null,null,1,1,1,null,null,null,null,null,null,null,null,null,null,null,null,null,null,null,null,null,null,null,null,null,null,1,{"$f":"IF(AZ112=1,G112,0)","v":0},{"$f":"IF(AZ112=2,G112,0)","v":0},{"$f":"IF(AZ112=3,G112,0)","v":0},{"$f":"IF(AZ112=4,G112,0)","v":0},{"$f":"IF(AZ112=5,G112,0)","v":0},null,null,null,null,null,null,null,null,null,null,null,null,null,null,null,null,null,null,null,null,null,1,1]
[null,null,"Položka je určena pro suť o velikosti kusu do 30x30 cm (technologický materiál určený k recyklaci).",null,null,null,null,null,null,null,null,"Položka je určena pro suť o velikosti kusu do 30x30 cm (technologický materiál určený k recyklaci).",null,null,3]
[19,"58337308.R","Štěrkopísek frakce 0-2 tř.B","t",197.08840000000001,null,{"$f":"E114*F114","v":0},1,{"$f":"E114*H114","v":197.08840000000001},null,{"$f":"E114*J114","v":0},null,null,null,2,null,null,null,null,null,null,null,null,null,null,null,3,1,"58337308.R",null,null,null,null,null,null,null,null,null,null,null,null,null,null,null,null,null,null,null,null,null,null,1,{"$f":"IF(AZ114=1,G114,0)","v":0},{"$f":"IF(AZ114=2,G114,0)","v":0},{"$f":"IF(AZ114=3,G114,0)","v":0},{"$f":"IF(AZ114=4,G114,0)","v":0},{"$f":"IF(AZ114=5,G114,0)","v":0},null,null,null,null,null,null,null,null,null,null,null,null,null,null,null,null,null,null,null,null,null,3,1]
[null,null,"Vodovodní řad PE D110x10,00 km 0,00 - 0,253.02:253,02*(0,90*(0,11+0,30)-0,055^2*Pi)*1,973*1,01",null,181.25839999999999,null,null,null,null,null,null,null,"Vodovodní řad PE D110x10,00 km 0,00 - 0,253.02:253,02*(0,90*(0,11+0,30)-0,055^2*Pi)*1,973*1,01"]
[null,null,"Vodovodní přípojky PE D 32x3,0 mm - Přepojení:",null,0,null,null,null,null,null,null,null,"Vodovodní přípojky PE D 32x3,0 mm - Přepojení:"]
[null,null,"VP01 až VP06:30,00*(0,80*(0,032+0,30)-0,016^2*Pi)*1,973*1,01",null,15.83,null,null,null,null,null,null,null,"VP01 až VP06:30,00*(0,80*(0,032+0,30)-0,016^2*Pi)*1,973*1,01"]
[20,"58344197R","Štěrkodrtě frakce 0-63 A","t",398.77269999999999,null,{"$f":"E118*F118","v":0},1,{"$f":"E118*H118","v":398.77269999999999},null,{"$f":"E118*J118","v":0},null,null,null,2,null,null,null,null,null,null,null,null,null,null,null,3,1,"58344197R",null,null,null,null,null,null,null,null,null,null,null,null,null,null,null,null,null,null,null,null,null,null,1,{"$f":"IF(AZ118=1,G118,0)","v":0},{"$f":"IF(AZ118=2,G118,0)","v":0},{"$f":"IF(AZ118=3,G118,0)","v":0},{"$f":"IF(AZ118=4,G118,0)","v":0},{"$f":"IF(AZ118=5,G118,0)","v":0},null,null,null,null,null,null,null,null,null,null,null,null,null,null,null,null,null,null,null,null,null,3,1]
[null,null,"Zásypy ŠD fr. 0-63 mm:210,7979*1,873*1,01",null,398.77269999999999,null,null,null,null,null,null,null,"Zásypy ŠD fr. 0-63 mm:210,7979*1,873*1,01"]
[null,null,"Vodovodní řad PE D110x10,00 km 0,00 - 0,253.02:",null,0,null,null,null,null,null,null,null,"Vodovodní řad PE D110x10,00 km 0,00 - 0,253.02:"]
[null,null,"Začátek provozního součtu",null,0,null,null,null,null,null,null,null,"Začátek provozního součtu"]
[null,null,"Průměrná hloubka výkopů 1,71 m:",null,0,null,null,null,null,null,null,null,"Průměrná hloubka výkopů 1,71 m:"]
[null,null,"Výkopy:",null,0,null,null,null,null,null,null,null,"Výkopy:"]
[null,null,"Vodovodní řad PE D110x10,00 km 0,00 - 0,253.02:253,02*0,90*1,71",null,389.39780000000002,null,null,null,null,null,null,null,"Vodovodní řad PE D110x10,00 km 0,00 - 0,253.02:253,02*0,90*1,71"]
[null,null,"Vodovodní přípojky PE D 32x3,0 mm - Přepojení:",null,0,null,null,null,null,null,null,null,"Vodovodní přípojky PE D 32x3,0 mm - Přepojení:"]
[null,null,"VP01 až VP06:30,00*0,80*1,71",null,41.04,null,null,null,null,null,null,null,"VP01 až VP06:30,00*0,80*1,71"]
[null,null,"Odpočet objemu nové konstrukce komunikace:-(253,02*0,90+30,00*0,80)*0,37",null,-93.1357,null,null,null,null,null,null,null,"Odpočet objemu nové konstrukce komunikace:-(253,02*0,90+30,00*0,80)*0,37"]
[null,null,"Odpočet objemu lože, potrubí a obsypů:",null,0,null,null,null,null,null,null,null,"Odpočet objemu lože, potrubí a obsypů:"]
[null,null,"Vodovodní řad PE D110x10,00 km 0,00 - 0,253.02:-253,02*0,90*(0,10+0,11+0,30)",null,-116.1362,null,null,null,null,null,null,null,"Vodovodní řad PE D110x10,00 km 0,00 - 0,253.02:-253,02*0,90*(0,10+0,11+0,30)"]
[null,null,"Vodovodní přípojky PE D 32x3,0 mm - Přepojení:",null,0,null,null,null,null,null,null,null,"Vodovodní přípojky PE D 32x3,0 mm - Přepojení:"]
[null,null,"VP01 až VP06:-30,00*0,80*(0,10+0,032+0,30)",null,-10.368,null,null,null,null,null,null,null,"VP01 až VP06:-30,00*0,80*(0,10+0,032+0,30)"]
[null,null,"Konec provozního součtu",null,210.79790000000006,null,null,null,null,null,null,null,"Konec provozního součtu"]
[null,"Celkem za","1 Zemní práce",null,null,null,{"$f":"SUM(G7:G132)","v":0},null,{"$f":"SUM(I7:I132)","v":596.81934911600001},null,{"$f":"SUM(K7:K132)","v":-232.58743200000001},null,null,null,4,null,null,null,null,null,null,null,null,null,null,null,null,null,null,null,null,null,null,null,null,null,null,null,null,null,null,null,null,null,null,null,null,null,null,null,null,null,{"$f":"SUM(BA7:BA132)","v":0},{"$f":"SUM(BB7:BB132)","v":0},{"$f":"SUM(BC7:BC132)","v":0},{"$f":"SUM(BD7:BD132)","v":0},{"$f":"SUM(BE7:BE132)","v":0}]
["Díl:","45","Podkladní a vedlejší konstrukce",null,null,null,null,null,null,null,null,null,null,null,1]
[21,"451572111R00","Lože pod potrubí z kameniva těženého 0 - 4 mm ","m3",25.171800000000001,null,{"$f":"E135*F135","v":0},0.43051,{"$f":"E135*H135","v":10.836711618000001},0,{"$f":"E135*J135","v":0},null,null,null,2,null,null,null,null,null,null,null,null,null,null,null,1,1,1,null,null,null,null,null,null,null,null,null,null,null,null,null,null,null,null,null,null,null,null,null,null,1,{"$f":"IF(AZ135=1,G135,0)","v":0},{"$f":"IF(AZ135=2,G135,0)","v":0},{"$f":"IF(AZ135=3,G135,0)","v":0},{"$f":"IF(AZ135=4,G135,0)","v":0},{"$f":"IF(AZ135=5,G135,0)","v":0},null,null,null,null,null,null,null,null,null,null,null,null,null,null,null,null,null,null,null,null,null,1,1]
[null,null,"Vodovodní řad PE D110x10,00 km 0,00 - 0,253.02:253,02*0,90*0,10",null,22.771799999999999,null,null,null,null,null,null,null,"Vodovodní řad PE D110x10,00 km 0,00 - 0,253.02:253,02*0,90*0,10"]
[null,null,"Vodovodní přípojky PE D 32x3,0 mm - Přepojení:",null,0,null,null,null,null,null,null,null,"Vodovodní přípojky PE D 32x3,0 mm - Přepojení:"]
[null,null,"VP01 až VP06:30,00*0,80*0,10",null,2.4,null,null,null,null,null,null,null,"VP01 až VP06:30,00*0,80*0,10"]
[22,"452313141R00","Bloky pro potrubí z betonu C 16/20 vč. bednění ","m3",2.3679999999999999,null,{"$f":"E139*F139","v":0},2.5,{"$f":"E139*H139","v":5.92},0,{"$f":"E139*J139","v":0},null,null,null,2,null,null,null,null,null,null,null,null,null,null,null,1,1,1,null,null,null,null,null,null,null,null,null,null,null,null,null,null,null,null,null,null,null,null,null,null,1,{"$f":"IF(AZ139=1,G139,0)","v":0},{"$f":"IF(AZ139=2,G139,0)","v":0},{"$f":"IF(AZ139=3,G139,0)","v":0},{"$f":"IF(AZ139=4,G139,0)","v":0},{"$f":"IF(AZ139=5,G139,0)","v":0},null,null,null,null,null,null,null,null,null,null,null,null,null,null,null,null,null,null,null,null,null,1,1]
[null,"Celkem za","45 Podkladní a vedlejší konstrukce",null,null,null,{"$f":"SUM(G134:G139)","v":0},null,{"$f":"SUM(I134:I139)","v":16.756711618000001},null,{"$f":"SUM(K134:K139)","v":0},null,null,null,4,null,null,null,null,null,null,null,null,null,null,null,null,null,null,null,null,null,null,null,null,null,null,null,null,null,null,null,null,null,null,null,null,null,null,null,null,null,{"$f":"SUM(BA134:BA139)","v":0},{"$f":"SUM(BB134:BB139)","v":0},{"$f":"SUM(BC134:BC139)","v":0},{"$f":"SUM(BD134:BD139)","v":0},{"$f":"SUM(BE134:BE139)","v":0}]
["Díl:","5","Komunikace",null,null,null,null,null,null,null,null,null,null,null,1]
[23,"566903111R00","Vyspravení podkladu po překopech kam.hrubě drceným ","t",129.30330000000001,null,{"$f":"E142*F142","v":0},1.1000000000000001,{"$f":"E142*H142","v":142.23363000000003},0,{"$f":"E142*J142","v":0},null,null,null,2,null,null,null,null,null,null,null,null,null,null,null,1,1,1,null,null,null,null,null,null,null,null,null,null,null,null,null,null,null,null,null,null,null,null,null,null,1,{"$f":"IF(AZ142=1,G142,0)","v":0},{"$f":"IF(AZ142=2,G142,0)","v":0},{"$f":"IF(AZ142=3,G142,0)","v":0},{"$f":"IF(AZ142=4,G142,0)","v":0},{"$f":"IF(AZ142=5,G142,0)","v":0},null,null,null,null,null,null,null,null,null,null,null,null,null,null,null,null,null,null,null,null,null,1,1]
[null,null,"Vodovodní řad PE D110x10,00 km 0,00 - 0,253.02:253,02*0,90*0,30*1,873",null,127.9547,null,null,null,null,null,null,null,"Vodovodní řad PE D110x10,00 km 0,00 - 0,253.02:253,02*0,90*0,30*1,873"]
[null,null,"Vodovodní přípojky PE D 32x3,0 mm - Přepojení:",null,0,null,null,null,null,null,null,null,"Vodovodní přípojky PE D 32x3,0 mm - Přepojení:"]
[null,null,"VP01 až VP06:30,00*0,80*0,10*0,30*1,873",null,1.3486,null,null,null,null,null,null,null,"VP01 až VP06:30,00*0,80*0,10*0,30*1,873"]
[24,"566904111R00","Vyspravení podkladu po překopech kam.obal.asfaltem, pokládka malým finisherem (polovina jízdního pruhu)","t",44.297699999999999,null,{"$f":"E146*F146","v":0},1,{"$f":"E146*H146","v":44.297699999999999},0,{"$f":"E146*J146","v":0},null,null,null,2,null,null,null,null,null,null,null,null,null,null,null,1,1,1,null,null,null,null,null,null,null,null,null,null,null,null,null,null,null,null,null,null,null,null,null,null,1,{"$f":"IF(AZ146=1,G146,0)","v":0},{"$f":"IF(AZ146=2,G146,0)","v":0},{"$f":"IF(AZ146=3,G146,0)","v":0},{"$f":"IF(AZ146=4,G146,0)","v":0},{"$f":"IF(AZ146=5,G146,0)","v":0},null,null,null,null,null,null,null,null,null,null,null,null,null,null,null,null,null,null,null,null,null,1,1]
[null,null,"Včetně úpravy a zalití spáry",null,null,null,null,null,null,null,null,"Včetně úpravy a zalití spáry",null,null,3]
[null,null,"Vodovodní řad PE D110x10,00 km 0,00 - 0,253.02:253,02*0,90*0,07*2,5*1,1",null,43.835700000000003,null,null,null,null,null,null,null,"Vodovodní řad PE D110x10,00 km 0,00 - 0,253.02:253,02*0,90*0,07*2,5*1,1"]
[null,null,"Vodovodní přípojky PE D 32x3,0 mm - Přepojení:",null,0,null,null,null,null,null,null,null,"Vodovodní přípojky PE D 32x3,0 mm - Přepojení:"]
[null,null,"VP01 až VP06:30,00*0,80*0,10*0,07*2,5*1,1",null,0.46200000000000002,null,null,null,null,null,null,null,"VP01 až VP06:30,00*0,80*0,10*0,07*2,5*1,1"]
[null,"Celkem za","5 Komunikace",null,null,null,{"$f":"SUM(G141:G150)","v":0},null,{"$f":"SUM(I141:I150)","v":186.53133000000003},null,{"$f":"SUM(K141:K150)","v":0},null,null,null,4,null,null,null,null,null,null,null,null,null,null,null,null,null,null,null,null,null,null,null,null,null,null,null,null,null,null,null,null,null,null,null,null,null,null,null,null,null,{"$f":"SUM(BA141:BA150)","v":0},{"$f":"SUM(BB141:BB150)","v":0},{"$f":"SUM(BC141:BC150)","v":0},{"$f":"SUM(BD141:BD150)","v":0},{"$f":"SUM(BE141:BE150)","v":0}]
["Díl:","8","Trubní vedení",null,null,null,null,null,null,null,null,null,null,null,1]
[25,"850245121R00","Výřez nebo výsek na potrubí DN 80 ","kus",1,null,{"$f":"E153*F153","v":0},0,{"$f":"E153*H153","v":0},0,{"$f":"E153*J153","v":0},null,null,null,2,null,null,null,null,null,null,null,null,null,null,null,1,1,1,null,null,null,null,null,null,null,null,null,null,null,null,null,null,null,null,null,null,null,null,null,null,1,{"$f":"IF(AZ153=1,G153,0)","v":0},{"$f":"IF(AZ153=2,G153,0)","v":0},{"$f":"IF(AZ153=3,G153,0)","v":0},{"$f":"IF(AZ153=4,G153,0)","v":0},{"$f":"IF(AZ153=5,G153,0)","v":0},null,null,null,null,null,null,null,null,null,null,null,null,null,null,null,null,null,null,null,null,null,1,1]
[null,null,"Položky výřezu nebo výseku na potrubí z trub litinových tlakových jsou určeny pro dva řezy nebo seky prováděné na potrubí dodatečně. V položkách jsou zakalkulovány náklady na",null,null,null,null,null,null,null,null,"Položky výřezu nebo výseku na potrubí z trub litinových tlakových jsou určeny pro dva řezy nebo seky prováděné na potrubí dodatečně. V položkách jsou zakalkulovány náklady na",null,null,3]
[null,null,"- ohlášení uzavírání vody",null,null,null,null,null,null,null,null,"- ohlášení uzavírání vody",null,null,3]
[null,null,"- uzavření a otevření šoupat",null,null,null,null,null,null,null,null,"- uzavření a otevření šoupat",null,null,3]
[null,null,"- vypuštění a napuštění vody",null,null,null,null,null,null,null,null,"- vypuštění a napuštění vody",null,null,3]
[null,null,"- odvzdušnění potrubí",null,null,null,null,null,null,null,null,"- odvzdušnění potrubí",null,null,3]
[null,null,"- strojní nebo ruční výřez potrubí",null,null,null,null,null,null,null,null,"- strojní nebo ruční výřez potrubí",null,null,3]
[null,null,"- nutné úpravy výkopu v prostoru provádění",null,null,null,null,null,null,null,null,"- nutné úpravy výkopu v prostoru provádění",null,null,3]
[null,null,"- montáž tvarovky",null,null,null,null,null,null,null,null,"- montáž tvarovky",null,null,3]
[26,"850265121R00","Výřez nebo výsek na potrubí DN 100 ","kus",2,null,{"$f":"E162*F162","v":0},0,{"$f":"E162*H162","v":0},0,{"$f":"E162*J162","v":0},null,null,null,2,null,null,null,null,null,null,null,null,null,null,null,1,1,1,null,null,null,null,null,null,null,null,null,null,null,null,null,null,null,null,null,null,null,null,null,null,1,{"$f":"IF(AZ162=1,G162,0)","v":0},{"$f":"IF(AZ162=2,G162,0)","v":0},{"$f":"IF(AZ162=3,G162,0)","v":0},{"$f":"IF(AZ162=4,G162,0)","v":0},{"$f":"IF(AZ162=5,G162,0)","v":0},null,null,null,null,null,null,null,null,null,null,null,null,null,null,null,null,null,null,null,null,null,1,1]
[null,null,"Položky výřezu nebo výseku na potrubí z trub litinových tlakových jsou určeny pro dva řezy nebo seky prováděné na potrubí dodatečně. V položkách jsou zakalkulovány náklady na",null,null,null,null,null,null,null,null,"Položky výřezu nebo výseku na potrubí z trub litinových tlakových jsou určeny pro dva řezy nebo seky prováděné na potrubí dodatečně. V položkách jsou zakalkulovány náklady na",null,null,3]
[null,null,"- ohlášení uzavírání vody",null,null,null,null,null,null,null,null,"- ohlášení uzavírání vody",null,null,3]
[null,null,"- uzavření a otevření šoupat",null,null,null,null,null,null,null,null,"- uzavření a otevření šoupat",null,null,3]
[null,null,"- vypuštění a napuštění vody",null,null,null,null,null,null,null,null,"- vypuštění a napuštění vody",null,null,3]
[null,null,"- odvzdušnění potrubí",null,null,null,null,null,null,null,null,"- odvzdušnění potrubí",null,null,3]
[null,null,"- strojní nebo ruční výřez potrubí",null,null,null,null,null,null,null,null,"- strojní nebo ruční výřez potrubí",null,null,3]
[null,null,"- nutné úpravy výkopu v prostoru provádění",null,null,null,null,null,null,null,null,"- nutné úpravy výkopu v prostoru provádění",null,null,3]
[null,null,"- montáž tvarovky",null,null,null,null,null,null,null,null,"- montáž tvarovky",null,null,3]
[27,"857242121R00","Montáž tvarovek litin. jednoos.přír. výkop DN 80 včetně nerezových spoj. prvků a obandážování spoje","kus",4,null,{"$f":"E171*F171","v":0},2.2000000000000001E-4,{"$f":"E171*H171","v":8.8000000000000003E-4},0,{"$f":"E171*J171","v":0},null,null,null,2,null,null,null,null,null,null,null,null,null,null,null,1,1,1,null,null,null,null,null,null,null,null,null,null,null,null,null,null,null,null,null,null,null,null,null,null,1,{"$f":"IF(AZ171=1,G171,0)","v":0},{"$f":"IF(AZ171=2,G171,0)","v":0},{"$f":"IF(AZ171=3,G171,0)","v":0},{"$f":"IF(AZ171=4,G171,0)","v":0},{"$f":"IF(AZ171=5,G171,0)","v":0},null,null,null,null,null,null,null,null,null,null,null,null,null,null,null,null,null,null,null,null,null,1,1]
[null,null,"Položka je určena pro montáž litinových tvarovek na potrubí litinovém tlakovém přírubovém jednoosých v otevřeném výkopu, v otevřeném kanálu nebo v šachtě.",null,null,null,null,null,null,null,null,"Položka je určena pro montáž litinových tvarovek na potrubí litinovém tlakovém přírubovém jednoosých v otevřeném výkopu, v otevřeném kanálu nebo v šachtě.",null,null,3]
[null,null,"Vodovodní řad PE D110x10,00 km 0,00 - 0,253.02:",null,0,null,null,null,null,null,null,null,"Vodovodní řad PE D110x10,00 km 0,00 - 0,253.02:"]
[null,null,"PPL DN80:4",null,4,null,null,null,null,null,null,null,"PPL DN80:4"]
[28,"857262121R00","Montáž tvarovek litin. jednoos. přír. výkop DN 100 včetně nerezových spoj. prvků a obandážování spoje","kus",12,null,{"$f":"E175*F175","v":0},4.0999999999999999E-4,{"$f":"E175*H175","v":4.9199999999999999E-3},0,{"$f":"E175*J175","v":0},null,null,null,2,null,null,null,null,null,null,null,null,null,null,null,1,0,0,null,null,null,null,null,null,null,null,null,null,null,null,null,null,null,null,null,null,null,null,null,null,1,{"$f":"IF(AZ175=1,G175,0)","v":0},{"$f":"IF(AZ175=2,G175,0)","v":0},{"$f":"IF(AZ175=3,G175,0)","v":0},{"$f":"IF(AZ175=4,G175,0)","v":0},{"$f":"IF(AZ175=5,G175,0)","v":0},null,null,null,null,null,null,null,null,null,null,null,null,null,null,null,null,null,null,null,null,null,1,0]
[null,null,"Položka je určena pro montáž litinových tvarovek na potrubí litinovém tlakovém přírubovém jednoosých v otevřeném výkopu, v otevřeném kanálu nebo v šachtě.",null,null,null,null,null,null,null,null,"Položka je určena pro montáž litinových tvarovek na potrubí litinovém tlakovém přírubovém jednoosých v otevřeném výkopu, v otevřeném kanálu nebo v šachtě.",null,null,3]
[null,null,"Součástí položky je i dodávka nerezových spojovacích prvků (šrouby, podložky, matky) a kompletního obandážování spojů. ",null,null,null,null,null,null,null,null,"Součástí položky je i dodávka nerezových spojovacích prvků (šrouby, podložky, matky) a kompletního obandážování spojů. ",null,null,3]
[null,null,"Vodovodní řad PE D110x10,00 km 0,00 - 0,253.02:",null,0,null,null,null,null,null,null,null,"Vodovodní řad PE D110x10,00 km 0,00 - 0,253.02:"]
[null,null,"Synoflex s přírubou DN100:1",null,1,null,null,null,null,null,null,null,"Synoflex s přírubou DN100:1"]
[null,null,"Synoflex spojka DN100:1",null,1,null,null,null,null,null,null,null,"Synoflex spojka DN100:1"]
[null,null,"Synoflex s přírubou redukovaná DN100/80:1",null,1,null,null,null,null,null,null,null,"Synoflex s přírubou redukovaná DN100/80:1"]
[null,null,"LN + TP D110/DN100:9",null,9,null,null,null,null,null,null,null,"LN + TP D110/DN100:9"]
[29,"857264121R00","Montáž tvarovek litin. odboč. přír. výkop DN 100 včetně nerezových spoj. prvků a obandážování spoje","kus",5,null,{"$f":"E183*F183","v":0},6.2E-4,{"$f":"E183*H183","v":3.0999999999999999E-3},0,{"$f":"E183*J183","v":0},null,null,null,2,null,null,null,null,null,null,null,null,null,null,null,1,1,1,null,null,null,null,null,null,null,null,null,null,null,null,null,null,null,null,null,null,null,null,null,null,1,{"$f":"IF(AZ183=1,G183,0)","v":0},{"$f":"IF(AZ183=2,G183,0)","v":0},{"$f":"IF(AZ183=3,G183,0)","v":0},{"$f":"IF(AZ183=4,G183,0)","v":0},{"$f":"IF(AZ183=5,G183,0)","v":0},null,null,null,null,null,null,null,null,null,null,null,null,null,null,null,null,null,null,null,null,null,1,1]
[null,null,"Položka je určena pro montáž litinových tvarovek na potrubí litinovém tlakovém přírubovém odbočných v otevřeném výkopu, v otevřeném kanálu nebo v šachtě.",null,null,null,null,null,null,null,null,"Položka je určena pro montáž litinových tvarovek na potrubí litinovém tlakovém přírubovém odbočných v otevřeném výkopu, v otevřeném kanálu nebo v šachtě.",null,null,3]
[null,null,"Součástí položky je i dodávka nerezových spojovacích prvků (šrouby, podložky, matky) a kompletního obandážování spojů. ",null,null,null,null,null,null,null,null,"Součástí položky je i dodávka nerezových spojovacích prvků (šrouby, podložky, matky) a kompletního obandážování spojů. ",null,null,3]
[null,null,"Vodovodní řad PE D110x10,00 km 0,00 - 0,253.02:",null,0,null,null,null,null,null,null,null,"Vodovodní řad PE D110x10,00 km 0,00 - 0,253.02:"]
[null,null,"T DN100/100:1",null,1,null,null,null,null,null,null,null,"T DN100/100:1"]
[null,null,"T DN100/80:4",null,4,null,null,null,null,null,null,null,"T DN100/80:4"]
[30,"871161121R00","Montáž trubek polyetylenových ve výkopu d 32 mm ","m",30,null,{"$f":"E189*F189","v":0},0,{"$f":"E189*H189","v":0},0,{"$f":"E189*J189","v":0},null,null,null,2,null,null,null,null,null,null,null,null,null,null,null,1,1,1,null,null,null,null,null,null,null,null,null,null,null,null,null,null,null,null,null,null,null,null,null,null,1,{"$f":"IF(AZ189=1,G189,0)","v":0},{"$f":"IF(AZ189=2,G189,0)","v":0},{"$f":"IF(AZ189=3,G189,0)","v":0},{"$f":"IF(AZ189=4,G189,0)","v":0},{"$f":"IF(AZ189=5,G189,0)","v":0},null,null,null,null,null,null,null,null,null,null,null,null,null,null,null,null,null,null,null,null,null,1,1]
[null,null,"V položce je uvažováno použití svitku. ",null,null,null,null,null,null,null,null,"V položce je uvažováno použití svitku. ",null,null,3]
[null,null,"Vodovodní řad PE D110x10,00 km 0,00 - 0,253.02:",null,0,null,null,null,null,null,null,null,"Vodovodní řad PE D110x10,00 km 0,00 - 0,253.02:"]
[null,null,"Vodovodní přípojky PE D 32x3,0 mm - Přepojení:",null,0,null,null,null,null,null,null,null,"Vodovodní přípojky PE D 32x3,0 mm - Přepojení:"]
[null,null,"VP01 až VP06:30,00",null,30,null,null,null,null,null,null,null,"VP01 až VP06:30,00"]
[31,"871251121R00","Montáž trubek polyetylenových ve výkopu d 110 mm ","m",253.02,null,{"$f":"E194*F194","v":0},0,{"$f":"E194*H194","v":0},0,{"$f":"E194*J194","v":0},null,null,null,2,null,null,null,null,null,null,null,null,null,null,null,1,1,1,null,null,null,null,null,null,null,null,null,null,null,null,null,null,null,null,null,null,null,null,null,null,1,{"$f":"IF(AZ194=1,G194,0)","v":0},{"$f":"IF(AZ194=2,G194,0)","v":0},{"$f":"IF(AZ194=3,G194,0)","v":0},{"$f":"IF(AZ194=4,G194,0)","v":0},{"$f":"IF(AZ194=5,G194,0)","v":0},null,null,null,null,null,null,null,null,null,null,null,null,null,null,null,null,null,null,null,null,null,1,1]
[null,null,"V položce je uvažováno s jedním spojem na 6 m potrubí.",null,null,null,null,null,null,null,null,"V položce je uvažováno s jedním spojem na 6 m potrubí.",null,null,3]
[null,null,"Vodovodní řad PE D110x10,00 km 0,00 - 0,253.02:253,02",null,253.02,null,null,null,null,null,null,null,"Vodovodní řad PE D110x10,00 km 0,00 - 0,253.02:253,02"]
[32,"877162121R00","Přirážka za 1 spoj elektrotvarovky d 32 mm ","kus",6,null,{"$f":"E197*F197","v":0},0,{"$f":"E197*H197","v":0},0,{"$f":"E197*J197","v":0},null,null,null,2,null,null,null,null,null,null,null,null,null,null,null,1,1,1,null,null,null,null,null,null,null,null,null,null,null,null,null,null,null,null,null,null,null,null,null,null,1,{"$f":"IF(AZ197=1,G197,0)","v":0},{"$f":"IF(AZ197=2,G197,0)","v":0},{"$f":"IF(AZ197=3,G197,0)","v":0},{"$f":"IF(AZ197=4,G197,0)","v":0},{"$f":"IF(AZ197=5,G197,0)","v":0},null,null,null,null,null,null,null,null,null,null,null,null,null,null,null,null,null,null,null,null,null,1,1]
[null,null,"Vodovodní řad PE D110x10,00 km 0,00 - 0,253.02:",null,0,null,null,null,null,null,null,null,"Vodovodní řad PE D110x10,00 km 0,00 - 0,253.02:"]
[null,null,"Vodovodní přípojky PE D 32x3,0 mm - Přepojení:",null,0,null,null,null,null,null,null,null,"Vodovodní přípojky PE D 32x3,0 mm - Přepojení:"]
[null,null,"VP01 až VP06:",null,0,null,null,null,null,null,null,null,"VP01 až VP06:"]
[null,null,"Elektrospojka D 32:6",null,6,null,null,null,null,null,null,null,"Elektrospojka D 32:6"]
[33,"877252121R00","Přirážka za 1 spoj elektrotvarovky d 110 mm ","kus",67,null,{"$f":"E202*F202","v":0},0,{"$f":"E202*H202","v":0},0,{"$f":"E202*J202","v":0},null,null,null,2,null,null,null,null,null,null,null,null,null,null,null,1,1,1,null,null,null,null,null,null,null,null,null,null,null,null,null,null,null,null,null,null,null,null,null,null,1,{"$f":"IF(AZ202=1,G202,0)","v":0},{"$f":"IF(AZ202=2,G202,0)","v":0},{"$f":"IF(AZ202=3,G202,0)","v":0},{"$f":"IF(AZ202=4,G202,0)","v":0},{"$f":"IF(AZ202=5,G202,0)","v":0},null,null,null,null,null,null,null,null,null,null,null,null,null,null,null,null,null,null,null,null,null,1,1]
[null,null,"Vodovodní řad PE D110x10,00 km 0,00 - 0,253.02:",null,0,null,null,null,null,null,null,null,"Vodovodní řad PE D110x10,00 km 0,00 - 0,253.02:"]
[null,null,"Elektrospojka D 110:55",null,55,null,null,null,null,null,null,null,"Elektrospojka D 110:55"]
[null,null,"Oblouk D 110/11°:8",null,8,null,null,null,null,null,null,null,"Oblouk D 110/11°:8"]
[null,null,"Oblouk D 110/22°:1",null,1,null,null,null,null,null,null,null,"Oblouk D 110/22°:1"]
[null,null,"Oblouk D 110/30°:2",null,2,null,null,null,null,null,null,null,"Oblouk D 110/30°:2"]
[null,null,"Oblouk D 110/45°:1",null,1,null,null,null,null,null,null,null,"Oblouk D 110/45°:1"]
[34,"891183439RX0","Přepojení potrubí PE na přípojkách D 32 včetně dodávky přepojovací tvarovky","kus",6,null,{"$f":"E209*F209","v":0},4.6000000000000001E-4,{"$f":"E209*H209","v":2.7600000000000003E-3},0,{"$f":"E209*J209","v":0},null,null,null,2,null,null,null,null,null,null,null,null,null,null,null,1,1,1,null,null,null,null,null,null,null,null,null,null,null,null,null,null,null,null,null,null,null,null,null,null,1,{"$f":"IF(AZ209=1,G209,0)","v":0},{"$f":"IF(AZ209=2,G209,0)","v":0},{"$f":"IF(AZ209=3,G209,0)","v":0},{"$f":"IF(AZ209=4,G209,0)","v":0},{"$f":"IF(AZ209=5,G209,0)","v":0},null,null,null,null,null,null,null,null,null,null,null,null,null,null,null,null,null,null,null,null,null,1,1]
[null,null,"Položka obsahuje přerušení stávajícího potrubí, montáž a dodávku příslušné tvarovky pro propojení stávajícího potrubí (PE, ocel a pod.)  s novým potrubím (PE D 32x3,0 mm) přípojky  D 32",null,null,null,null,null,null,null,null,"Položka obsahuje přerušení stávajícího potrubí, montáž a dodávku příslušné tvarovky pro propojení stávajícího potrubí (PE, ocel a pod.)  s novým potrubím (PE D 32x3,0 mm) přípojky  D 32",null,null,3]
[null,null,"Vodovodní řad PE D110x10,00 km 0,00 - 0,253.02:",null,0,null,null,null,null,null,null,null,"Vodovodní řad PE D110x10,00 km 0,00 - 0,253.02:"]
[null,null,"Vodovodní přípojky PE D 32x3,0 mm - Přepojení:",null,0,null,null,null,null,null,null,null,"Vodovodní přípojky PE D 32x3,0 mm - Přepojení:"]
[null,null,"VP01 až VP06:",null,0,null,null,null,null,null,null,null,"VP01 až VP06:"]
[null,null,"Přepojení VP:6",null,6,null,null,null,null,null,null,null,"Přepojení VP:6"]
[35,"891241111R00","Montáž vodovodních šoupátek ve výkopu DN 80 včetně nerezových spoj. prvků a obandážování spoje","kus",4,null,{"$f":"E215*F215","v":0},2.2000000000000001E-4,{"$f":"E215*H215","v":8.8000000000000003E-4},0,{"$f":"E215*J215","v":0},null,null,null,2,null,null,null,null,null,null,null,null,null,null,null,1,1,1,null,null,null,null,null,null,null,null,null,null,null,null,null,null,null,null,null,null,null,null,null,null,1,{"$f":"IF(AZ215=1,G215,0)","v":0},{"$f":"IF(AZ215=2,G215,0)","v":0},{"$f":"IF(AZ215=3,G215,0)","v":0},{"$f":"IF(AZ215=4,G215,0)","v":0},{"$f":"IF(AZ215=5,G215,0)","v":0},null,null,null,null,null,null,null,null,null,null,null,null,null,null,null,null,null,null,null,null,null,1,1]
[null,null,"Položka je určena pro montáž vodovodních šoupátek v otevřeném výkopu nebo v šachtách s osazením zemní soupravy (bez poklopů). V položce jsou zakalkulovány i náklady na vytvoření otvorů ve stropech šachet pro prostup zemních souprav šoupátek.",null,null,null,null,null,null,null,null,"Položka je určena pro montáž vodovodních šoupátek v otevřeném výkopu nebo v šachtách s osazením zemní soupravy (bez poklopů). V položce jsou zakalkulovány i náklady na vytvoření otvorů ve stropech šachet pro prostup zemních souprav šoupátek.",null,null,3]
[null,null,"Součástí položky je i dodávka nerezových spojovacích prvků (šrouby, podložky, matky) a kompletního obandážování spojů. ",null,null,null,null,null,null,null,null,"Součástí položky je i dodávka nerezových spojovacích prvků (šrouby, podložky, matky) a kompletního obandážování spojů. ",null,null,3]
[null,null,"Vodovodní řad PE D110x10,00 km 0,00 - 0,253.02:",null,0,null,null,null,null,null,null,null,"Vodovodní řad PE D110x10,00 km 0,00 - 0,253.02:"]
[null,null,"Šoupě DN80:4",null,4,null,null,null,null,null,null,null,"Šoupě DN80:4"]
[36,"891247111R00","Montáž hydrantů podzemních DN 80 včetně nerezových spoj. prvků a obandážování spoje","kus",4,null,{"$f":"E220*F220","v":0},1.1E-4,{"$f":"E220*H220","v":4.4000000000000002E-4},0,{"$f":"E220*J220","v":0},null,null,null,2,null,null,null,null,null,null,null,null,null,null,null,1,1,1,null,null,null,null,null,null,null,null,null,null,null,null,null,null,null,null,null,null,null,null,null,null,1,{"$f":"IF(AZ220=1,G220,0)","v":0},{"$f":"IF(AZ220=2,G220,0)","v":0},{"$f":"IF(AZ220=3,G220,0)","v":0},{"$f":"IF(AZ220=4,G220,0)","v":0},{"$f":"IF(AZ220=5,G220,0)","v":0},null,null,null,null,null,null,null,null,null,null,null,null,null,null,null,null,null,null,null,null,null,1,1]
[null,null,"Položka je určena pro montáž hydrantů podzemních (bez osazení poklopů) na potrubí.",null,null,null,null,null,null,null,null,"Položka je určena pro montáž hydrantů podzemních (bez osazení poklopů) na potrubí.",null,null,3]
[null,null,"Součástí položky je i dodávka nerezových spojovacích prvků (šrouby, podložky, matky) a kompletního obandážování spojů. ",null,null,null,null,null,null,null,null,"Součástí položky je i dodávka nerezových spojovacích prvků (šrouby, podložky, matky) a kompletního obandážování spojů. ",null,null,3]
[null,null,"Vodovodní řad PE D110x10,00 km 0,00 - 0,253.02:",null,0,null,null,null,null,null,null,null,"Vodovodní řad PE D110x10,00 km 0,00 - 0,253.02:"]
[null,null,"Hp DN80/1,5:4",null,4,null,null,null,null,null,null,null,"Hp DN80/1,5:4"]
[37,"891261111R00","Montáž vodovodních šoupátek ve výkopu DN 100 včetně nerezových spoj. prvků a obandážování spoje","kus",3,null,{"$f":"E225*F225","v":0},4.0999999999999999E-4,{"$f":"E225*H225","v":1.23E-3},0,{"$f":"E225*J225","v":0},null,null,null,2,null,null,null,null,null,null,null,null,null,null,null,1,1,1,null,null,null,null,null,null,null,null,null,null,null,null,null,null,null,null,null,null,null,null,null,null,1,{"$f":"IF(AZ225=1,G225,0)","v":0},{"$f":"IF(AZ225=2,G225,0)","v":0},{"$f":"IF(AZ225=3,G225,0)","v":0},{"$f":"IF(AZ225=4,G225,0)","v":0},{"$f":"IF(AZ225=5,G225,0)","v":0},null,null,null,null,null,null,null,null,null,null,null,null,null,null,null,null,null,null,null,null,null,1,1]
[null,null,"Položka je určena pro montáž vodovodních šoupátek v otevřeném výkopu nebo v šachtách s osazením zemní soupravy (bez poklopů). V položce jsou zakalkulovány i náklady na vytvoření otvorů ve stropech šachet pro prostup zemních souprav šoupátek.",null,null,null,null,null,null,null,null,"Položka je určena pro montáž vodovodních šoupátek v otevřeném výkopu nebo v šachtách s osazením zemní soupravy (bez poklopů). V položce jsou zakalkulovány i náklady na vytvoření otvorů ve stropech šachet pro prostup zemních souprav šoupátek.",null,null,3]
[null,null,"Součástí položky je i dodávka nerezových spojovacích prvků (šrouby, podložky, matky) a kompletního obandážování spojů. ",null,null,null,null,null,null,null,null,"Součástí položky je i dodávka nerezových spojovacích prvků (šrouby, podložky, matky) a kompletního obandážování spojů. ",null,null,3]
[null,null,"Vodovodní řad PE D110x10,00 km 0,00 - 0,253.02:",null,0,null,null,null,null,null,null,null,"Vodovodní řad PE D110x10,00 km 0,00 - 0,253.02:"]
[null,null,"Šoupě DN100:3",null,3,null,null,null,null,null,null,null,"Šoupě DN100:3"]
[38,"891269111R00","Montáž navrtávacích pasů DN 100 s ventilem ","kus",6,null,{"$f":"E230*F230","v":0},0,{"$f":"E230*H230","v":0},0,{"$f":"E230*J230","v":0},null,null,null,2,null,null,null,null,null,null,null,null,null,null,null,1,1,1,null,null,null,null,null,null,null,null,null,null,null,null,null,null,null,null,null,null,null,null,null,null,1,{"$f":"IF(AZ230=1,G230,0)","v":0},{"$f":"IF(AZ230=2,G230,0)","v":0},{"$f":"IF(AZ230=3,G230,0)","v":0},{"$f":"IF(AZ230=4,G230,0)","v":0},{"$f":"IF(AZ230=5,G230,0)","v":0},null,null,null,null,null,null,null,null,null,null,null,null,null,null,null,null,null,null,null,null,null,1,1]
[null,null,"Vodovodní řad PE D110x10,00 km 0,00 - 0,253.02:",null,0,null,null,null,null,null,null,null,"Vodovodní řad PE D110x10,00 km 0,00 - 0,253.02:"]
[null,null,"Vodovodní přípojky PE D 32x3,0 mm - Přepojení:",null,0,null,null,null,null,null,null,null,"Vodovodní přípojky PE D 32x3,0 mm - Přepojení:"]
[null,null,"VP01 až VP06:",null,0,null,null,null,null,null,null,null,"VP01 až VP06:"]
[null,null,"DAV D 110/32:6",null,6,null,null,null,null,null,null,null,"DAV D 110/32:6"]
[39,"892233111R00","Desinfekce vodovodního potrubí DN 70 ","m",30,null,{"$f":"E235*F235","v":0},0,{"$f":"E235*H235","v":0},0,{"$f":"E235*J235","v":0},null,null,null,2,null,null,null,null,null,null,null,null,null,null,null,1,1,1,null,null,null,null,null,null,null,null,null,null,null,null,null,null,null,null,null,null,null,null,null,null,1,{"$f":"IF(AZ235=1,G235,0)","v":0},{"$f":"IF(AZ235=2,G235,0)","v":0},{"$f":"IF(AZ235=3,G235,0)","v":0},{"$f":"IF(AZ235=4,G235,0)","v":0},{"$f":"IF(AZ235=5,G235,0)","v":0},null,null,null,null,null,null,null,null,null,null,null,null,null,null,null,null,null,null,null,null,null,1,1]
[null,null,"V položce jsou zakalkulovány náklady na napuštění a vypuštění vody, dodání vody a desinfekčního prostředku a na bakteriologický rozbor vody.",null,null,null,null,null,null,null,null,"V položce jsou zakalkulovány náklady na napuštění a vypuštění vody, dodání vody a desinfekčního prostředku a na bakteriologický rozbor vody.",null,null,3]
[null,null,"Vodovodní řad PE D110x10,00 km 0,00 - 0,253.02:",null,0,null,null,null,null,null,null,null,"Vodovodní řad PE D110x10,00 km 0,00 - 0,253.02:"]
[null,null,"Vodovodní přípojky PE D 32x3,0 mm - Přepojení:",null,0,null,null,null,null,null,null,null,"Vodovodní přípojky PE D 32x3,0 mm - Přepojení:"]
[null,null,"VP01 až VP06:30,00",null,30,null,null,null,null,null,null,null,"VP01 až VP06:30,00"]
[40,"892241111R00","Tlaková zkouška vodovodního potrubí DN 80 včetně zajištění konců potrubí","m",30,null,{"$f":"E240*F240","v":0},0,{"$f":"E240*H240","v":0},0,{"$f":"E240*J240","v":0},null,null,null,2,null,null,null,null,null,null,null,null,null,null,null,1,1,1,null,null,null,null,null,null,null,null,null,null,null,null,null,null,null,null,null,null,null,null,null,null,1,{"$f":"IF(AZ240=1,G240,0)","v":0},{"$f":"IF(AZ240=2,G240,0)","v":0},{"$f":"IF(AZ240=3,G240,0)","v":0},{"$f":"IF(AZ240=4,G240,0)","v":0},{"$f":"IF(AZ240=5,G240,0)","v":0},null,null,null,null,null,null,null,null,null,null,null,null,null,null,null,null,null,null,null,null,null,1,1]
[null,null,"V položce jsou započteny náklady na přísun, montáž, demontáž a odsun zkoušecího čerpadla, napuštění tlakovou vodou a dodání vody pro tlakovou zkoušku",null,null,null,null,null,null,null,null,"V položce jsou započteny náklady na přísun, montáž, demontáž a odsun zkoušecího čerpadla, napuštění tlakovou vodou a dodání vody pro tlakovou zkoušku",null,null,3]
[null,null,"Vodovodní řad PE D110x10,00 km 0,00 - 0,253.02:",null,0,null,null,null,null,null,null,null,"Vodovodní řad PE D110x10,00 km 0,00 - 0,253.02:"]
[null,null,"Vodovodní přípojky PE D 32x3,0 mm - Přepojení:",null,0,null,null,null,null,null,null,null,"Vodovodní přípojky PE D 32x3,0 mm - Přepojení:"]
[null,null,"VP01 až VP06:30,00",null,30,null,null,null,null,null,null,null,"VP01 až VP06:30,00"]
[41,"892271111R00","Tlaková zkouška vodovodního potrubí DN 125 včetně zajištění konců potrubí","m",253.02,null,{"$f":"E245*F245","v":0},0,{"$f":"E245*H245","v":0},0,{"$f":"E245*J245","v":0},null,null,null,2,null,null,null,null,null,null,null,null,null,null,null,1,1,1,null,null,null,null,null,null,null,null,null,null,null,null,null,null,null,null,null,null,null,null,null,null,1,{"$f":"IF(AZ245=1,G245,0)","v":0},{"$f":"IF(AZ245=2,G245,0)","v":0},{"$f":"IF(AZ245=3,G245,0)","v":0},{"$f":"IF(AZ245=4,G245,0)","v":0},{"$f":"IF(AZ245=5,G245,0)","v":0},null,null,null,null,null,null,null,null,null,null,null,null,null,null,null,null,null,null,null,null,null,1,1]
[null,null,"V položce jsou započteny náklady na přísun, montáž, demontáž a odsun zkoušecího čerpadla, napuštění tlakovou vodou a dodání vody pro tlakovou zkoušku",null,null,null,null,null,null,null,null,"V položce jsou započteny náklady na přísun, montáž, demontáž a odsun zkoušecího čerpadla, napuštění tlakovou vodou a dodání vody pro tlakovou zkoušku",null,null,3]
[null,null,"Vodovodní řad PE D110x10,00 km 0,00 - 0,253.02:253,02",null,253.02,null,null,null,null,null,null,null,"Vodovodní řad PE D110x10,00 km 0,00 - 0,253.02:253,02"]
[42,"892273111R00","Desinfekce vodovodního potrubí DN 125 ","m",253.02,null,{"$f":"E248*F248","v":0},0,{"$f":"E248*H248","v":0},0,{"$f":"E248*J248","v":0},null,null,null,2,null,null,null,null,null,null,null,null,null,null,null,1,1,1,null,null,null,null,null,null,null,null,null,null,null,null,null,null,null,null,null,null,null,null,null,null,1,{"$f":"IF(AZ248=1,G248,0)","v":0},{"$f":"IF(AZ248=2,G248,0)","v":0},{"$f":"IF(AZ248=3,G248,0)","v":0},{"$f":"IF(AZ248=4,G248,0)","v":0},{"$f":"IF(AZ248=5,G248,0)","v":0},null,null,null,null,null,null,null,null,null,null,null,null,null,null,null,null,null,null,null,null,null,1,1]
[null,null,"V položce jsou zakalkulovány náklady na napuštění a vypuštění vody, dodání vody a desinfekčního prostředku a na bakteriologický rozbor vody.",null,null,null,null,null,null,null,null,"V položce jsou zakalkulovány náklady na napuštění a vypuštění vody, dodání vody a desinfekčního prostředku a na bakteriologický rozbor vody.",null,null,3]
[null,null,"Vodovodní řad PE D110x10,00 km 0,00 - 0,253.02:253,02",null,253.02,null,null,null,null,null,null,null,"Vodovodní řad PE D110x10,00 km 0,00 - 0,253.02:253,02"]
[43,"899401111R00","Osazení poklopů litinových ventilových ","kus",6,null,{"$f":"E251*F251","v":0},6.3829999999999998E-2,{"$f":"E251*H251","v":0.38297999999999999},0,{"$f":"E251*J251","v":0},null,null,null,2,null,null,null,null,null,null,null,null,null,null,null,1,1,1,null,null,null,null,null,null,null,null,null,null,null,null,null,null,null,null,null,null,null,null,null,null,1,{"$f":"IF(AZ251=1,G251,0)","v":0},{"$f":"IF(AZ251=2,G251,0)","v":0},{"$f":"IF(AZ251=3,G251,0)","v":0},{"$f":"IF(AZ251=4,G251,0)","v":0},{"$f":"IF(AZ251=5,G251,0)","v":0},null,null,null,null,null,null,null,null,null,null,null,null,null,null,null,null,null,null,null,null,null,1,1]
[null,null,"Vodovodní řad PE D110x10,00 km 0,00 - 0,253.02:",null,0,null,null,null,null,null,null,null,"Vodovodní řad PE D110x10,00 km 0,00 - 0,253.02:"]
[null,null,"Vodovodní přípojky PE D 32x3,0 mm - Přepojení:",null,0,null,null,null,null,null,null,null,"Vodovodní přípojky PE D 32x3,0 mm - Přepojení:"]
[null,null,"Pro DAV D 110/32 - VP01-VP06:6",null,6,null,null,null,null,null,null,null,"Pro DAV D 110/32 - VP01-VP06:6"]
[44,"899401112R00","Osazení poklopů litinových šoupátkových ","kus",7,null,{"$f":"E255*F255","v":0},0.12303,{"$f":"E255*H255","v":0.86121000000000003},0,{"$f":"E255*J255","v":0},null,null,null,2,null,null,null,null,null,null,null,null,null,null,null,1,1,1,null,null,null,null,null,null,null,null,null,null,null,null,null,null,null,null,null,null,null,null,null,null,1,{"$f":"IF(AZ255=1,G255,0)","v":0},{"$f":"IF(AZ255=2,G255,0)","v":0},{"$f":"IF(AZ255=3,G255,0)","v":0},{"$f":"IF(AZ255=4,G255,0)","v":0},{"$f":"IF(AZ255=5,G255,0)","v":0},null,null,null,null,null,null,null,null,null,null,null,null,null,null,null,null,null,null,null,null,null,1,1]
[null,null,"Vodovodní řad PE D110x10,00 km 0,00 - 0,253.02:",null,0,null,null,null,null,null,null,null,"Vodovodní řad PE D110x10,00 km 0,00 - 0,253.02:"]
[null,null,"Pro Šoupě DN80:4",null,4,null,null,null,null,null,null,null,"Pro Šoupě DN80:4"]
[null,null,"Pro Šoupě DN100:3",null,3,null,null,null,null,null,null,null,"Pro Šoupě DN100:3"]
[45,"899401113R00","Osazení poklopů litinových hydrantových ","kus",4,null,{"$f":"E259*F259","v":0},0.32906000000000002,{"$f":"E259*H259","v":1.3162400000000001},0,{"$f":"E259*J259","v":0},null,null,null,2,null,null,null,null,null,null,null,null,null,null,null,1,1,1,null,null,null,null,null,null,null,null,null,null,null,null,null,null,null,null,null,null,null,null,null,null,1,{"$f":"IF(AZ259=1,G259,0)","v":0},{"$f":"IF(AZ259=2,G259,0)","v":0},{"$f":"IF(AZ259=3,G259,0)","v":0},{"$f":"IF(AZ259=4,G259,0)","v":0},{"$f":"IF(AZ259=5,G259,0)","v":0},null,null,null,null,null,null,null,null,null,null,null,null,null,null,null,null,null,null,null,null,null,1,1]
[null,null,"Vodovodní řad PE D110x10,00 km 0,00 - 0,253.02:",null,0,null,null,null,null,null,null,null,"Vodovodní řad PE D110x10,00 km 0,00 - 0,253.02:"]
[null,null,"Pro Hp DN80/1,5:4",null,4,null,null,null,null,null,null,null,"Pro Hp DN80/1,5:4"]
[46,"899713111RRX","Orientační tabulky na sloupku ocelovém, betonovém Provedení dle ČSN 75 5025","kus",17,null,{"$f":"E262*F262","v":0},2.4000000000000001E-4,{"$f":"E262*H262","v":4.0800000000000003E-3},0,{"$f":"E262*J262","v":0},null,null,null,2,null,null,null,null,null,null,null,null,null,null,null,1,1,1,null,null,null,null,null,null,null,null,null,null,null,null,null,null,null,null,null,null,null,null,null,null,1,{"$f":"IF(AZ262=1,G262,0)","v":0},{"$f":"IF(AZ262=2,G262,0)","v":0},{"$f":"IF(AZ262=3,G262,0)","v":0},{"$f":"IF(AZ262=4,G262,0)","v":0},{"$f":"IF(AZ262=5,G262,0)","v":0},null,null,null,null,null,null,null,null,null,null,null,null,null,null,null,null,null,null,null,null,null,1,1]
[null,null,"Položka platí pro orientační tabulky na vodovodních a kanalizačních řadech. V položce jsou zakalkulovány náklady na dodání a připevnění tabulky a na osazení sloupku. V položce jsou zakalkulovány náklady na zemní práce a na dodání sloupků (betonových nebo ocelových s betonovými patkami)",null,null,null,null,null,null,null,null,"Položka platí pro orientační tabulky na vodovodních a kanalizačních řadech. V položce jsou zakalkulovány náklady na dodání a připevnění tabulky a na osazení sloupku. V položce jsou zakalkulovány náklady na zemní práce a na dodání sloupků (betonových nebo ocelových s betonovými patkami)",null,null,3]
[null,null,"Vodovodní řad PE D110x10,00 km 0,00 - 0,253.02:",null,0,null,null,null,null,null,null,null,"Vodovodní řad PE D110x10,00 km 0,00 - 0,253.02:"]
[null,null,"Pro Šoupě DN80:4",null,4,null,null,null,null,null,null,null,"Pro Šoupě DN80:4"]
[null,null,"Pro Šoupě DN100:3",null,3,null,null,null,null,null,null,null,"Pro Šoupě DN100:3"]
[null,null,"Pro Hp DN80/1,5:4",null,4,null,null,null,null,null,null,null,"Pro Hp DN80/1,5:4"]
[null,null,"Pro DAV D 110/32 - VP01-VP06:6",null,6,null,null,null,null,null,null,null,"Pro DAV D 110/32 - VP01-VP06:6"]
[47,"899721112R00","Fólie výstražná z PVC bílá, šířka 30 cm ","m",283.02,null,{"$f":"E269*F269","v":0},0,{"$f":"E269*H269","v":0},0,{"$f":"E269*J269","v":0},null,null,null,2,null,null,null,null,null,null,null,null,null,null,null,1,1,1,null,null,null,null,null,null,null,null,null,null,null,null,null,null,null,null,null,null,null,null,null,null,1,{"$f":"IF(AZ269=1,G269,0)","v":0},{"$f":"IF(AZ269=2,G269,0)","v":0},{"$f":"IF(AZ269=3,G269,0)","v":0},{"$f":"IF(AZ269=4,G269,0)","v":0},{"$f":"IF(AZ269=5,G269,0)","v":0},null,null,null,null,null,null,null,null,null,null,null,null,null,null,null,null,null,null,null,null,null,1,1]
[null,null,"Vodovodní řad PE D110x10,00 km 0,00 - 0,253.02:253,02",null,253.02,null,null,null,null,null,null,null,"Vodovodní řad PE D110x10,00 km 0,00 - 0,253.02:253,02"]
[null,null,"Vodovodní přípojky PE D 32x3,0 mm - Přepojení:",null,0,null,null,null,null,null,null,null,"Vodovodní přípojky PE D 32x3,0 mm - Přepojení:"]
[null,null,"VP01 až VP06:30,00",null,30,null,null,null,null,null,null,null,"VP01 až VP06:30,00"]
[48,"899731114R00","Vodič signalizační CYY 6 mm2 ","m",343.02,null,{"$f":"E273*F273","v":0},8.0000000000000007E-5,{"$f":"E273*H273","v":2.74416E-2},0,{"$f":"E273*J273","v":0},null,null,null,2,null,null,null,null,null,null,null,null,null,null,null,1,1,1,null,null,null,null,null,null,null,null,null,null,null,null,null,null,null,null,null,null,null,null,null,null,1,{"$f":"IF(AZ273=1,G273,0)","v":0},{"$f":"IF(AZ273=2,G273,0)","v":0},{"$f":"IF(AZ273=3,G273,0)","v":0},{"$f":"IF(AZ273=4,G273,0)","v":0},{"$f":"IF(AZ273=5,G273,0)","v":0},null,null,null,null,null,null,null,null,null,null,null,null,null,null,null,null,null,null,null,null,null,1,1]
[null,null,"Součástí položky je zajištění proměření vodiče a výchozí zevize.",null,null,null,null,null,null,null,null,"Součástí položky je zajištění proměření vodiče a výchozí zevize.",null,null,3]
[null,null,"Vodovodní řad PE D110x10,00 km 0,00 - 0,253.02:253,02",null,253.02,null,null,null,null,null,null,null,"Vodovodní řad PE D110x10,00 km 0,00 - 0,253.02:253,02"]
[null,null,"Vodovodní přípojky PE D 32x3,0 mm - Přepojení:",null,0,null,null,null,null,null,null,null,"Vodovodní přípojky PE D 32x3,0 mm - Přepojení:"]
[null,null,"VP01 až VP06:30,00",null,30,null,null,null,null,null,null,null,"VP01 až VP06:30,00"]
[null,null,"Vyvedení:",null,0,null,null,null,null,null,null,null,"Vyvedení:"]
[null,null,"Pro Šoupě DN80:2,00*2*4",null,16,null,null,null,null,null,null,null,"Pro Šoupě DN80:2,00*2*4"]
[null,null,"Pro Šoupě DN100:2,00*2*3",null,12,null,null,null,null,null,null,null,"Pro Šoupě DN100:2,00*2*3"]
[null,null,"Pro Hp DN80/1,5:2,00*1*4",null,8,null,null,null,null,null,null,null,"Pro Hp DN80/1,5:2,00*1*4"]
[null,null,"Pro DAV D 110/32 - VP01-VP06:2,00*2*6",null,24,null,null,null,null,null,null,null,"Pro DAV D 110/32 - VP01-VP06:2,00*2*6"]
[49,"28613076.DAV.R","T-kus odbočkový navrtávací DAV (KIT) D110/32","kus",6,null,{"$f":"E283*F283","v":0},0,{"$f":"E283*H283","v":0},null,{"$f":"E283*J283","v":0},null,null,null,2,null,null,null,null,null,null,null,null,null,null,null,3,1,"28613076.DAV.R",null,null,null,null,null,null,null,null,null,null,null,null,null,null,null,null,null,null,null,null,null,null,1,{"$f":"IF(AZ283=1,G283,0)","v":0},{"$f":"IF(AZ283=2,G283,0)","v":0},{"$f":"IF(AZ283=3,G283,0)","v":0},{"$f":"IF(AZ283=4,G283,0)","v":0},{"$f":"IF(AZ283=5,G283,0)","v":0},null,null,null,null,null,null,null,null,null,null,null,null,null,null,null,null,null,null,null,null,null,3,1]
[null,null,"Vodovodní řad PE D110x10,00 km 0,00 - 0,253.02:",null,0,null,null,null,null,null,null,null,"Vodovodní řad PE D110x10,00 km 0,00 - 0,253.02:"]
[null,null,"Vodovodní přípojky PE D 32x3,0 mm - Přepojení:",null,0,null,null,null,null,null,null,null,"Vodovodní přípojky PE D 32x3,0 mm - Přepojení:"]
[null,null,"VP01 až VP06:",null,0,null,null,null,null,null,null,null,"VP01 až VP06:"]
[null,null,"DAV D 110/32:6",null,6,null,null,null,null,null,null,null,"DAV D 110/32:6"]
[50,"28613090.EBS.R","Zemní souprava EBS 1,1-1,8 pro DAV (KIT)","kus",6,null,{"$f":"E288*F288","v":0},0,{"$f":"E288*H288","v":0},null,{"$f":"E288*J288","v":0},null,null,null,2,null,null,null,null,null,null,null,null,null,null,null,3,1,"28613090.EBS.R",null,null,null,null,null,null,null,null,null,null,null,null,null,null,null,null,null,null,null,null,null,null,1,{"$f":"IF(AZ288=1,G288,0)","v":0},{"$f":"IF(AZ288=2,G288,0)","v":0},{"$f":"IF(AZ288=3,G288,0)","v":0},{"$f":"IF(AZ288=4,G288,0)","v":0},{"$f":"IF(AZ288=5,G288,0)","v":0},null,null,null,null,null,null,null,null,null,null,null,null,null,null,null,null,null,null,null,null,null,3,1]
[null,null,"Vodovodní řad PE D110x10,00 km 0,00 - 0,253.02:",null,0,null,null,null,null,null,null,null,"Vodovodní řad PE D110x10,00 km 0,00 - 0,253.02:"]
[null,null,"Vodovodní přípojky PE D 32x3,0 mm - Přepojení:",null,0,null,null,null,null,null,null,null,"Vodovodní přípojky PE D 32x3,0 mm - Přepojení:"]
[null,null,"VP01 až VP06:",null,0,null,null,null,null,null,null,null,"VP01 až VP06:"]
[null,null,"Pro DAV D 110/32:6",null,6,null,null,null,null,null,null,null,"Pro DAV D 110/32:6"]
[51,"286134204.R","Trubka tlaková AQUALINE RC2 PE100 32x3,0 mm PN16","m",30.45,null,{"$f":"E293*F293","v":0},1E-3,{"$f":"E293*H293","v":3.0450000000000001E-2},null,{"$f":"E293*J293","v":0},null,null,null,2,null,null,null,null,null,null,null,null,null,null,null,3,1,"286134204.R",null,null,null,null,null,null,null,null,null,null,null,null,null,null,null,null,null,null,null,null,null,null,1,{"$f":"IF(AZ293=1,G293,0)","v":0},{"$f":"IF(AZ293=2,G293,0)","v":0},{"$f":"IF(AZ293=3,G293,0)","v":0},{"$f":"IF(AZ293=4,G293,0)","v":0},{"$f":"IF(AZ293=5,G293,0)","v":0},null,null,null,null,null,null,null,null,null,null,null,null,null,null,null,null,null,null,null,null,null,3,1]
[null,null,"odovodní PE tlaková trubka AQUALINE RC2 dle normy EN 12 201-2",null,null,null,null,null,null,null,null,"odovodní PE tlaková trubka AQUALINE RC2 dle normy EN 12 201-2",null,null,3]
[null,null,"(doprava pitné a užitkové vody)",null,null,null,null,null,null,null,null,"(doprava pitné a užitkové vody)",null,null,3]
[null,null,"Dvouvrstvá - vnější vrstva PE 100RC modrá (10 % tloušťky)",null,null,null,null,null,null,null,null,"Dvouvrstvá - vnější vrstva PE 100RC modrá (10 % tloušťky)",null,null,3]
[null,null,"                       vnitřní vrstva PE 100RC černá (90 % tloušťky)",null,null,null,null,null,null,null,null,"                       vnitřní vrstva PE 100RC černá (90 % tloušťky)",null,null,3]
[null,null,"Lepší detekce poškození oproti typu RC1",null,null,null,null,null,null,null,null,"Lepší detekce poškození oproti typu RC1",null,null,3]
[null,null,"Použití: vhodná do otevřeného výkopu bez pískového lože (možnost bodového zatížení)",null,null,null,null,null,null,null,null,"Použití: vhodná do otevřeného výkopu bez pískového lože (možnost bodového zatížení)",null,null,3]
[null,null,"             a pro méně náročné metody bezvýkopové pokládky",null,null,null,null,null,null,null,null,"             a pro méně náročné metody bezvýkopové pokládky",null,null,3]
[null,null,"Návin 100 m",null,null,null,null,null,null,null,null,"Návin 100 m",null,null,3]
[null,null,"Vodovodní řad PE D110x10,00 km 0,00 - 0,253.02:",null,0,null,null,null,null,null,null,null,"Vodovodní řad PE D110x10,00 km 0,00 - 0,253.02:"]
[null,null,"Vodovodní přípojky PE D 32x3,0 mm - Přepojení:",null,0,null,null,null,null,null,null,null,"Vodovodní přípojky PE D 32x3,0 mm - Přepojení:"]
[null,null,"VP01 až VP06:30,00*1,015",null,30.45,null,null,null,null,null,null,null,"VP01 až VP06:30,00*1,015"]
[52,"286134215.R","Trubka tlaková AQUALINE RC2 PE100 110x10,0 mm PN16 tyče L=12 m","m",256.81529999999998,null,{"$f":"E305*F305","v":0},2.1199999999999999E-3,{"$f":"E305*H305","v":0.54444843599999992},null,{"$f":"E305*J305","v":0},null,null,null,2,null,null,null,null,null,null,null,null,null,null,null,3,1,"286134215.R",null,null,null,null,null,null,null,null,null,null,null,null,null,null,null,null,null,null,null,null,null,null,1,{"$f":"IF(AZ305=1,G305,0)","v":0},{"$f":"IF(AZ305=2,G305,0)","v":0},{"$f":"IF(AZ305=3,G305,0)","v":0},{"$f":"IF(AZ305=4,G305,0)","v":0},{"$f":"IF(AZ305=5,G305,0)","v":0},null,null,null,null,null,null,null,null,null,null,null,null,null,null,null,null,null,null,null,null,null,3,1]
[null,null,"Vodovodní PE tlaková trubka AQUALINE RC2 dle normy EN 12 201-2",null,null,null,null,null,null,null,null,"Vodovodní PE tlaková trubka AQUALINE RC2 dle normy EN 12 201-2",null,null,3]
[null,null,"(doprava pitné a užitkové vody)",null,null,null,null,null,null,null,null,"(doprava pitné a užitkové vody)",null,null,3]
[null,null,"Dvouvrstvá - vnější vrstva PE 100RC modrá (10 % tloušťky)",null,null,null,null,null,null,null,null,"Dvouvrstvá - vnější vrstva PE 100RC modrá (10 % tloušťky)",null,null,3]
[null,null,"                       vnitřní vrstva PE 100RC černá (90 % tloušťky)",null,null,null,null,null,null,null,null,"                       vnitřní vrstva PE 100RC černá (90 % tloušťky)",null,null,3]
[null,null,"Lepší detekce poškození oproti typu RC1",null,null,null,null,null,null,null,null,"Lepší detekce poškození oproti typu RC1",null,null,3]
[null,null,"Vodovodní řad PE D110x10,00 km 0,00 - 0,253.02:253,02*1,015",null,256.81529999999998,null,null,null,null,null,null,null,"Vodovodní řad PE D110x10,00 km 0,00 - 0,253.02:253,02*1,015"]
[53,"28653075.05.R","Elektrospojka d 32 mm PE 100 SDR11","kus",6.09,null,{"$f":"E312*F312","v":0},1.2999999999999999E-3,{"$f":"E312*H312","v":7.9169999999999987E-3},null,{"$f":"E312*J312","v":0},null,null,null,2,null,null,null,null,null,null,null,null,null,null,null,3,1,"28653075.05.R",null,null,null,null,null,null,null,null,null,null,null,null,null,null,null,null,null,null,null,null,null,null,1,{"$f":"IF(AZ312=1,G312,0)","v":0},{"$f":"IF(AZ312=2,G312,0)","v":0},{"$f":"IF(AZ312=3,G312,0)","v":0},{"$f":"IF(AZ312=4,G312,0)","v":0},{"$f":"IF(AZ312=5,G312,0)","v":0},null,null,null,null,null,null,null,null,null,null,null,null,null,null,null,null,null,null,null,null,null,3,1]
[null,null,"Vodovodní řad PE D110x10,00 km 0,00 - 0,253.02:",null,0,null,null,null,null,null,null,null,"Vodovodní řad PE D110x10,00 km 0,00 - 0,253.02:"]
[null,null,"Vodovodní přípojky PE D 32x3,0 mm - Přepojení:",null,0,null,null,null,null,null,null,null,"Vodovodní přípojky PE D 32x3,0 mm - Přepojení:"]
[null,null,"VP01 až VP06:",null,0,null,null,null,null,null,null,null,"VP01 až VP06:"]
[null,null,"Elektrospojka D 32:6*1,015",null,6.09,null,null,null,null,null,null,null,"Elektrospojka D 32:6*1,015"]
[54,"28653080.11.R","Elektrospojka d 110 mm PE 100 SDR11","kus",55.825000000000003,null,{"$f":"E317*F317","v":0},1.2999999999999999E-3,{"$f":"E317*H317","v":7.2572499999999998E-2},null,{"$f":"E317*J317","v":0},null,null,null,2,null,null,null,null,null,null,null,null,null,null,null,3,1,"28653080.11.R",null,null,null,null,null,null,null,null,null,null,null,null,null,null,null,null,null,null,null,null,null,null,1,{"$f":"IF(AZ317=1,G317,0)","v":0},{"$f":"IF(AZ317=2,G317,0)","v":0},{"$f":"IF(AZ317=3,G317,0)","v":0},{"$f":"IF(AZ317=4,G317,0)","v":0},{"$f":"IF(AZ317=5,G317,0)","v":0},null,null,null,null,null,null,null,null,null,null,null,null,null,null,null,null,null,null,null,null,null,3,1]
[null,null,"Vodovodní řad PE D110x10,00 km 0,00 - 0,253.02:",null,0,null,null,null,null,null,null,null,"Vodovodní řad PE D110x10,00 km 0,00 - 0,253.02:"]
[null,null,"Elektrospojka D 110:55*1,015",null,55.825000000000003,null,null,null,null,null,null,null,"Elektrospojka D 110:55*1,015"]
[55,"28653447.A.R","Oblouk 45° PE d 110 mm PE100 SDR11","kus",1.01,null,{"$f":"E320*F320","v":0},1.0499999999999999E-3,{"$f":"E320*H320","v":1.0605E-3},null,{"$f":"E320*J320","v":0},null,null,null,2,null,null,null,null,null,null,null,null,null,null,null,3,1,"28653447.A.R",null,null,null,null,null,null,null,null,null,null,null,null,null,null,null,null,null,null,null,null,null,null,1,{"$f":"IF(AZ320=1,G320,0)","v":0},{"$f":"IF(AZ320=2,G320,0)","v":0},{"$f":"IF(AZ320=3,G320,0)","v":0},{"$f":"IF(AZ320=4,G320,0)","v":0},{"$f":"IF(AZ320=5,G320,0)","v":0},null,null,null,null,null,null,null,null,null,null,null,null,null,null,null,null,null,null,null,null,null,3,1]
[null,null,"Vodovodní řad PE D110x10,00 km 0,00 - 0,253.02:",null,0,null,null,null,null,null,null,null,"Vodovodní řad PE D110x10,00 km 0,00 - 0,253.02:"]
[null,null,"Oblouk D 110/45°:1*1,01",null,1.01,null,null,null,null,null,null,null,"Oblouk D 110/45°:1*1,01"]
[56,"28653448.A.R","Oblouk 30° PE d 110 mm PE100 SDR11","kus",2.0299999999999998,null,{"$f":"E323*F323","v":0},1.0499999999999999E-3,{"$f":"E323*H323","v":2.1314999999999997E-3},null,{"$f":"E323*J323","v":0},null,null,null,2,null,null,null,null,null,null,null,null,null,null,null,3,1,"28653448.A.R",null,null,null,null,null,null,null,null,null,null,null,null,null,null,null,null,null,null,null,null,null,null,1,{"$f":"IF(AZ323=1,G323,0)","v":0},{"$f":"IF(AZ323=2,G323,0)","v":0},{"$f":"IF(AZ323=3,G323,0)","v":0},{"$f":"IF(AZ323=4,G323,0)","v":0},{"$f":"IF(AZ323=5,G323,0)","v":0},null,null,null,null,null,null,null,null,null,null,null,null,null,null,null,null,null,null,null,null,null,3,1]
[null,null,"Vodovodní řad PE D110x10,00 km 0,00 - 0,253.02:",null,0,null,null,null,null,null,null,null,"Vodovodní řad PE D110x10,00 km 0,00 - 0,253.02:"]
[null,null,"Oblouk D 110/30°:2*1,015",null,2.0299999999999998,null,null,null,null,null,null,null,"Oblouk D 110/30°:2*1,015"]
[57,"28653449.A.R","Oblouk 22° PE d 110 mm PE100 SDR11","kus",1.0149999999999999,null,{"$f":"E326*F326","v":0},1.0499999999999999E-3,{"$f":"E326*H326","v":1.0657499999999999E-3},null,{"$f":"E326*J326","v":0},null,null,null,2,null,null,null,null,null,null,null,null,null,null,null,3,1,"28653449.A.R",null,null,null,null,null,null,null,null,null,null,null,null,null,null,null,null,null,null,null,null,null,null,1,{"$f":"IF(AZ326=1,G326,0)","v":0},{"$f":"IF(AZ326=2,G326,0)","v":0},{"$f":"IF(AZ326=3,G326,0)","v":0},{"$f":"IF(AZ326=4,G326,0)","v":0},{"$f":"IF(AZ326=5,G326,0)","v":0},null,null,null,null,null,null,null,null,null,null,null,null,null,null,null,null,null,null,null,null,null,3,1]
[null,null,"Vodovodní řad PE D110x10,00 km 0,00 - 0,253.02:",null,0,null,null,null,null,null,null,null,"Vodovodní řad PE D110x10,00 km 0,00 - 0,253.02:"]
[null,null,"Oblouk D 110/22°:1*1,015",null,1.0149999999999999,null,null,null,null,null,null,null,"Oblouk D 110/22°:1*1,015"]
[58,"28653450.A.R","Oblouk 11° PE d 110 mm PE100 SDR11","kus",8.1199999999999992,null,{"$f":"E329*F329","v":0},1.0499999999999999E-3,{"$f":"E329*H329","v":8.5259999999999989E-3},null,{"$f":"E329*J329","v":0},null,null,null,2,null,null,null,null,null,null,null,null,null,null,null,3,1,"28653450.A.R",null,null,null,null,null,null,null,null,null,null,null,null,null,null,null,null,null,null,null,null,null,null,1,{"$f":"IF(AZ329=1,G329,0)","v":0},{"$f":"IF(AZ329=2,G329,0)","v":0},{"$f":"IF(AZ329=3,G329,0)","v":0},{"$f":"IF(AZ329=4,G329,0)","v":0},{"$f":"IF(AZ329=5,G329,0)","v":0},null,null,null,null,null,null,null,null,null,null,null,null,null,null,null,null,null,null,null,null,null,3,1]
[null,null,"Vodovodní řad PE D110x10,00 km 0,00 - 0,253.02:",null,0,null,null,null,null,null,null,null,"Vodovodní řad PE D110x10,00 km 0,00 - 0,253.02:"]
[null,null,"Oblouk D 110/11°:8*1,015",null,8.1199999999999992,null,null,null,null,null,null,null,"Oblouk D 110/11°:8*1,015"]
[59,"28653766.R","LN + TP D110/DN100 PE100 SDR11","kus",9.1349999999999998,null,{"$f":"E332*F332","v":0},3.5E-4,{"$f":"E332*H332","v":3.19725E-3},null,{"$f":"E332*J332","v":0},null,null,null,2,null,null,null,null,null,null,null,null,null,null,null,3,1,"28653766.R",null,null,null,null,null,null,null,null,null,null,null,null,null,null,null,null,null,null,null,null,null,null,1,{"$f":"IF(AZ332=1,G332,0)","v":0},{"$f":"IF(AZ332=2,G332,0)","v":0},{"$f":"IF(AZ332=3,G332,0)","v":0},{"$f":"IF(AZ332=4,G332,0)","v":0},{"$f":"IF(AZ332=5,G332,0)","v":0},null,null,null,null,null,null,null,null,null,null,null,null,null,null,null,null,null,null,null,null,null,3,1]
[null,null,"Vodovodní řad PE D110x10,00 km 0,00 - 0,253.02:",null,0,null,null,null,null,null,null,null,"Vodovodní řad PE D110x10,00 km 0,00 - 0,253.02:"]
[null,null,"LN + TP D110/DN100:9*1,015",null,9.1349999999999998,null,null,null,null,null,null,null,"LN + TP D110/DN100:9*1,015"]
[60,"42200240.3.R","Hydrant podzemní DUO DN80/1,5 m","kus",4,null,{"$f":"E335*F335","v":0},4.7999999999999996E-3,{"$f":"E335*H335","v":1.9199999999999998E-2},null,{"$f":"E335*J335","v":0},null,null,null,2,null,null,null,null,null,null,null,null,null,null,null,3,1,"42200240.3.R",null,null,null,null,null,null,null,null,null,null,null,null,null,null,null,null,null,null,null,null,null,null,1,{"$f":"IF(AZ335=1,G335,0)","v":0},{"$f":"IF(AZ335=2,G335,0)","v":0},{"$f":"IF(AZ335=3,G335,0)","v":0},{"$f":"IF(AZ335=4,G335,0)","v":0},{"$f":"IF(AZ335=5,G335,0)","v":0},null,null,null,null,null,null,null,null,null,null,null,null,null,null,null,null,null,null,null,null,null,3,1]
[null,null,"Vodovodní řad PE D110x10,00 km 0,00 - 0,253.02:",null,0,null,null,null,null,null,null,null,"Vodovodní řad PE D110x10,00 km 0,00 - 0,253.02:"]
[null,null,"Hp DN80/1,5:4",null,4,null,null,null,null,null,null,null,"Hp DN80/1,5:4"]
[61,"42201650.R","Poklop uliční ventilový pro DVP č.1650","kus",6,null,{"$f":"E338*F338","v":0},1.1299999999999999E-2,{"$f":"E338*H338","v":6.7799999999999999E-2},null,{"$f":"E338*J338","v":0},null,null,null,2,null,null,null,null,null,null,null,null,null,null,null,3,1,"42201650.R",null,null,null,null,null,null,null,null,null,null,null,null,null,null,null,null,null,null,null,null,null,null,1,{"$f":"IF(AZ338=1,G338,0)","v":0},{"$f":"IF(AZ338=2,G338,0)","v":0},{"$f":"IF(AZ338=3,G338,0)","v":0},{"$f":"IF(AZ338=4,G338,0)","v":0},{"$f":"IF(AZ338=5,G338,0)","v":0},null,null,null,null,null,null,null,null,null,null,null,null,null,null,null,null,null,null,null,null,null,3,1]
[null,null,"Vodovodní řad PE D110x10,00 km 0,00 - 0,253.02:",null,0,null,null,null,null,null,null,null,"Vodovodní řad PE D110x10,00 km 0,00 - 0,253.02:"]
[null,null,"Vodovodní přípojky PE D 32x3,0 mm - Přepojení:",null,0,null,null,null,null,null,null,null,"Vodovodní přípojky PE D 32x3,0 mm - Přepojení:"]
[null,null,"Pro DAV D 110/32 - VP01-VP06:6",null,6,null,null,null,null,null,null,null,"Pro DAV D 110/32 - VP01-VP06:6"]
[62,"42201750.R","Poklop uliční šoupátkový č.1750","kus",7,null,{"$f":"E342*F342","v":0},1.1299999999999999E-2,{"$f":"E342*H342","v":7.909999999999999E-2},null,{"$f":"E342*J342","v":0},null,null,null,2,null,null,null,null,null,null,null,null,null,null,null,3,1,"42201750.R",null,null,null,null,null,null,null,null,null,null,null,null,null,null,null,null,null,null,null,null,null,null,1,{"$f":"IF(AZ342=1,G342,0)","v":0},{"$f":"IF(AZ342=2,G342,0)","v":0},{"$f":"IF(AZ342=3,G342,0)","v":0},{"$f":"IF(AZ342=4,G342,0)","v":0},{"$f":"IF(AZ342=5,G342,0)","v":0},null,null,null,null,null,null,null,null,null,null,null,null,null,null,null,null,null,null,null,null,null,3,1]
[null,null,"Vodovodní řad PE D110x10,00 km 0,00 - 0,253.02:",null,0,null,null,null,null,null,null,null,"Vodovodní řad PE D110x10,00 km 0,00 - 0,253.02:"]
[null,null,"Pro Šoupě DN80:4",null,4,null,null,null,null,null,null,null,"Pro Šoupě DN80:4"]
[null,null,"Pro Šoupě DN100:3",null,3,null,null,null,null,null,null,null,"Pro Šoupě DN100:3"]
[63,"42201950.R","Poklop uliční hydrantový 1950","kus",4,null,{"$f":"E346*F346","v":0},1.1299999999999999E-2,{"$f":"E346*H346","v":4.5199999999999997E-2},null,{"$f":"E346*J346","v":0},null,null,null,2,null,null,null,null,null,null,null,null,null,null,null,3,1,"42201950.R",null,null,null,null,null,null,null,null,null,null,null,null,null,null,null,null,null,null,null,null,null,null,1,{"$f":"IF(AZ346=1,G346,0)","v":0},{"$f":"IF(AZ346=2,G346,0)","v":0},{"$f":"IF(AZ346=3,G346,0)","v":0},{"$f":"IF(AZ346=4,G346,0)","v":0},{"$f":"IF(AZ346=5,G346,0)","v":0},null,null,null,null,null,null,null,null,null,null,null,null,null,null,null,null,null,null,null,null,null,3,1]
[null,null,"Vodovodní řad PE D110x10,00 km 0,00 - 0,253.02:",null,0,null,null,null,null,null,null,null,"Vodovodní řad PE D110x10,00 km 0,00 - 0,253.02:"]
[null,null,"Pro Hp DN80/1,5:4",null,4,null,null,null,null,null,null,null,"Pro Hp DN80/1,5:4"]
[64,"42203481.R","Podkladová deska č. 3481","kus",13,null,{"$f":"E349*F349","v":0},5.9999999999999995E-4,{"$f":"E349*H349","v":7.7999999999999996E-3},null,{"$f":"E349*J349","v":0},null,null,null,2,null,null,null,null,null,null,null,null,null,null,null,3,1,"42203481.R",null,null,null,null,null,null,null,null,null,null,null,null,null,null,null,null,null,null,null,null,null,null,1,{"$f":"IF(AZ349=1,G349,0)","v":0},{"$f":"IF(AZ349=2,G349,0)","v":0},{"$f":"IF(AZ349=3,G349,0)","v":0},{"$f":"IF(AZ349=4,G349,0)","v":0},{"$f":"IF(AZ349=5,G349,0)","v":0},null,null,null,null,null,null,null,null,null,null,null,null,null,null,null,null,null,null,null,null,null,3,1]
[null,null,"Vodovodní řad PE D110x10,00 km 0,00 - 0,253.02:",null,0,null,null,null,null,null,null,null,"Vodovodní řad PE D110x10,00 km 0,00 - 0,253.02:"]
[null,null,"Pro Šoupě DN80:4",null,4,null,null,null,null,null,null,null,"Pro Šoupě DN80:4"]
[null,null,"Pro Šoupě DN100:3",null,3,null,null,null,null,null,null,null,"Pro Šoupě DN100:3"]
[null,null,"Vodovodní přípojky PE D 32x3,0 mm - Přepojení:",null,0,null,null,null,null,null,null,null,"Vodovodní přípojky PE D 32x3,0 mm - Přepojení:"]
[null,null,"Pro DAV D 110/32 - VP01-VP06:6",null,6,null,null,null,null,null,null,null,"Pro DAV D 110/32 - VP01-VP06:6"]
[65,"42203482.R","Podkladová deska č. 3482","kus",4,null,{"$f":"E355*F355","v":0},5.9999999999999995E-4,{"$f":"E355*H355","v":2.3999999999999998E-3},null,{"$f":"E355*J355","v":0},null,null,null,2,null,null,null,null,null,null,null,null,null,null,null,3,1,"42203482.R",null,null,null,null,null,null,null,null,null,null,null,null,null,null,null,null,null,null,null,null,null,null,1,{"$f":"IF(AZ355=1,G355,0)","v":0},{"$f":"IF(AZ355=2,G355,0)","v":0},{"$f":"IF(AZ355=3,G355,0)","v":0},{"$f":"IF(AZ355=4,G355,0)","v":0},{"$f":"IF(AZ355=5,G355,0)","v":0},null,null,null,null,null,null,null,null,null,null,null,null,null,null,null,null,null,null,null,null,null,3,1]
[null,null,"Vodovodní řad PE D110x10,00 km 0,00 - 0,253.02:",null,0,null,null,null,null,null,null,null,"Vodovodní řad PE D110x10,00 km 0,00 - 0,253.02:"]
[null,null,"Pro Hp DN80/1,5:4",null,4,null,null,null,null,null,null,null,"Pro Hp DN80/1,5:4"]
[66,"42209999.R","Drenážní obal","kus",4,null,{"$f":"E358*F358","v":0},4.7999999999999996E-3,{"$f":"E358*H358","v":1.9199999999999998E-2},null,{"$f":"E358*J358","v":0},null,null,null,2,null,null,null,null,null,null,null,null,null,null,null,3,1,"42209999.R",null,null,null,null,null,null,null,null,null,null,null,null,null,null,null,null,null,null,null,null,null,null,1,{"$f":"IF(AZ358=1,G358,0)","v":0},{"$f":"IF(AZ358=2,G358,0)","v":0},{"$f":"IF(AZ358=3,G358,0)","v":0},{"$f":"IF(AZ358=4,G358,0)","v":0},{"$f":"IF(AZ358=5,G358,0)","v":0},null,null,null,null,null,null,null,null,null,null,null,null,null,null,null,null,null,null,null,null,null,3,1]
[null,null,"Vodovodní řad PE D110x10,00 km 0,00 - 0,253.02:",null,0,null,null,null,null,null,null,null,"Vodovodní řad PE D110x10,00 km 0,00 - 0,253.02:"]
[null,null,"Pro Hp DN80/1,5:4",null,4,null,null,null,null,null,null,null,"Pro Hp DN80/1,5:4"]
[67,"42228310.R","Šoupátko 4000E3 DN 80 přírubové, voda PN16","kus",4,null,{"$f":"E361*F361","v":0},1.6500000000000001E-2,{"$f":"E361*H361","v":6.6000000000000003E-2},null,{"$f":"E361*J361","v":0},null,null,null,2,null,null,null,null,null,null,null,null,null,null,null,3,1,"42228310.R",null,null,null,null,null,null,null,null,null,null,null,null,null,null,null,null,null,null,null,null,null,null,1,{"$f":"IF(AZ361=1,G361,0)","v":0},{"$f":"IF(AZ361=2,G361,0)","v":0},{"$f":"IF(AZ361=3,G361,0)","v":0},{"$f":"IF(AZ361=4,G361,0)","v":0},{"$f":"IF(AZ361=5,G361,0)","v":0},null,null,null,null,null,null,null,null,null,null,null,null,null,null,null,null,null,null,null,null,null,3,1]
[null,null,"Šoupátko přírubové krkové - měkcetěsnící klínové šoupátko s hladkým a volným průtokovým kanálem",null,null,null,null,null,null,null,null,"Šoupátko přírubové krkové - měkcetěsnící klínové šoupátko s hladkým a volným průtokovým kanálem",null,null,3]
[null,null,"č. 4000E3",null,null,null,null,null,null,null,null,"č. 4000E3",null,null,3]
[null,null,"PN 16",null,null,null,null,null,null,null,null,"PN 16",null,null,3]
[null,null,"DN 80",null,null,null,null,null,null,null,null,"DN 80",null,null,3]
[null,null,"těleso a víko: tvárná litina GGG 400 - DIN 1693",null,null,null,null,null,null,null,null,"těleso a víko: tvárná litina GGG 400 - DIN 1693",null,null,3]
[null,null,"medium: pitná voda, neagresivní odpadní voda",null,null,null,null,null,null,null,null,"medium: pitná voda, neagresivní odpadní voda",null,null,3]
[null,null,"Vodovodní řad PE D110x10,00 km 0,00 - 0,253.02:",null,0,null,null,null,null,null,null,null,"Vodovodní řad PE D110x10,00 km 0,00 - 0,253.02:"]
[null,null,"Šoupě DN80:4",null,4,null,null,null,null,null,null,null,"Šoupě DN80:4"]
[68,"42228312.R","Šoupátko 4000E3 DN 100 přírubové, voda PN16","kus",3,null,{"$f":"E370*F370","v":0},2.4500000000000001E-2,{"$f":"E370*H370","v":7.350000000000001E-2},null,{"$f":"E370*J370","v":0},null,null,null,2,null,null,null,null,null,null,null,null,null,null,null,3,1,"42228312.R",null,null,null,null,null,null,null,null,null,null,null,null,null,null,null,null,null,null,null,null,null,null,1,{"$f":"IF(AZ370=1,G370,0)","v":0},{"$f":"IF(AZ370=2,G370,0)","v":0},{"$f":"IF(AZ370=3,G370,0)","v":0},{"$f":"IF(AZ370=4,G370,0)","v":0},{"$f":"IF(AZ370=5,G370,0)","v":0},null,null,null,null,null,null,null,null,null,null,null,null,null,null,null,null,null,null,null,null,null,3,1]
[null,null,"Šoupátko přírubové krkové - měkcetěsnící klínové šoupátko s hladkým a volným průtokovým kanálem",null,null,null,null,null,null,null,null,"Šoupátko přírubové krkové - měkcetěsnící klínové šoupátko s hladkým a volným průtokovým kanálem",null,null,3]
[null,null,"č. 4000E3",null,null,null,null,null,null,null,null,"č. 4000E3",null,null,3]
[null,null,"PN 16",null,null,null,null,null,null,null,null,"PN 16",null,null,3]
[null,null,"DN 100",null,null,null,null,null,null,null,null,"DN 100",null,null,3]
[null,null,"těleso a víko: tvárná litina GGG 400 - DIN 1693",null,null,null,null,null,null,null,null,"těleso a víko: tvárná litina GGG 400 - DIN 1693",null,null,3]
[null,null,"medium: pitná voda, neagresivní odpadní voda",null,null,null,null,null,null,null,null,"medium: pitná voda, neagresivní odpadní voda",null,null,3]
[null,null,"Vodovodní řad PE D110x10,00 km 0,00 - 0,253.02:",null,0,null,null,null,null,null,null,null,"Vodovodní řad PE D110x10,00 km 0,00 - 0,253.02:"]
[null,null,"Šoupě DN100:3",null,3,null,null,null,null,null,null,null,"Šoupě DN100:3"]
[69,"42293250.R","Souprava zemní tel.9502E2/E3 DN50 -100, 1,3-1,8m","kus",7,null,{"$f":"E379*F379","v":0},7.3000000000000001E-3,{"$f":"E379*H379","v":5.11E-2},null,{"$f":"E379*J379","v":0},null,null,null,2,null,null,null,null,null,null,null,null,null,null,null,3,1,"42293250.R",null,null,null,null,null,null,null,null,null,null,null,null,null,null,null,null,null,null,null,null,null,null,1,{"$f":"IF(AZ379=1,G379,0)","v":0},{"$f":"IF(AZ379=2,G379,0)","v":0},{"$f":"IF(AZ379=3,G379,0)","v":0},{"$f":"IF(AZ379=4,G379,0)","v":0},{"$f":"IF(AZ379=5,G379,0)","v":0},null,null,null,null,null,null,null,null,null,null,null,null,null,null,null,null,null,null,null,null,null,3,1]
[null,null,"Vodovodní řad PE D110x10,00 km 0,00 - 0,253.02:",null,0,null,null,null,null,null,null,null,"Vodovodní řad PE D110x10,00 km 0,00 - 0,253.02:"]
[null,null,"Pro Šoupě DN80:4",null,4,null,null,null,null,null,null,null,"Pro Šoupě DN80:4"]
[null,null,"Pro Šoupě DN100:3",null,3,null,null,null,null,null,null,null,"Pro Šoupě DN100:3"]
[70,"422935304.R","Spojka Synoflex 7974, DN 100, PN 16","kus",1,null,{"$f":"E383*F383","v":0},1.2500000000000001E-2,{"$f":"E383*H383","v":1.2500000000000001E-2},null,{"$f":"E383*J383","v":0},null,null,null,2,null,null,null,null,null,null,null,null,null,null,null,3,1,"422935304.R",null,null,null,null,null,null,null,null,null,null,null,null,null,null,null,null,null,null,null,null,null,null,1,{"$f":"IF(AZ383=1,G383,0)","v":0},{"$f":"IF(AZ383=2,G383,0)","v":0},{"$f":"IF(AZ383=3,G383,0)","v":0},{"$f":"IF(AZ383=4,G383,0)","v":0},{"$f":"IF(AZ383=5,G383,0)","v":0},null,null,null,null,null,null,null,null,null,null,null,null,null,null,null,null,null,null,null,null,null,3,1]
[null,null,"Spojka jištěná proti posunu ",null,null,null,null,null,null,null,null,"Spojka jištěná proti posunu ",null,null,3]
[null,null,"pro všechny standardní materiály potrubí s velkým rozsahem vnějších průměrů potrubí a úhlovým vychýlením.",null,null,null,null,null,null,null,null,"pro všechny standardní materiály potrubí s velkým rozsahem vnějších průměrů potrubí a úhlovým vychýlením.",null,null,3]
[null,null,"vhodné pro všechny druhy potrubí používané ve vodárenství",null,null,null,null,null,null,null,null,"vhodné pro všechny druhy potrubí používané ve vodárenství",null,null,3]
[null,null,"(litina, ocel, PE, PVC a AC)",null,null,null,null,null,null,null,null,"(litina, ocel, PE, PVC a AC)",null,null,3]
[null,null,"Konstrukční charakteristiky",null,null,null,null,null,null,null,null,"Konstrukční charakteristiky",null,null,3]
[null,null,"• multitoleranční spojky SYNOFLEX s jištěním proti posunu jsou",null,null,null,null,null,null,null,null,"• multitoleranční spojky SYNOFLEX s jištěním proti posunu jsou",null,null,3]
[null,null,"vhodné pro všechny druhy potrubí používané ve vodárenství",null,null,null,null,null,null,null,null,"vhodné pro všechny druhy potrubí používané ve vodárenství",null,null,3]
[null,null,"(litina, ocel, PE, PVC a AC)",null,null,null,null,null,null,null,null,"(litina, ocel, PE, PVC a AC)",null,null,3]
[null,null,"• dle EN 14525",null,null,null,null,null,null,null,null,"• dle EN 14525",null,null,3]
[null,null,"• flexibilní těsnění",null,null,null,null,null,null,null,null,"• flexibilní těsnění",null,null,3]
[null,null,"• flexibilní SYNOFLEX kroužek",null,null,null,null,null,null,null,null,"• flexibilní SYNOFLEX kroužek",null,null,3]
[null,null,"• jisticí prvky jsou pevně namontovány na každém segmentu",null,null,null,null,null,null,null,null,"• jisticí prvky jsou pevně namontovány na každém segmentu",null,null,3]
[null,null,"SYNOFLEX kroužku",null,null,null,null,null,null,null,null,"SYNOFLEX kroužku",null,null,3]
[null,null,"• šrouby lze montovat i otočené o 180°",null,null,null,null,null,null,null,null,"• šrouby lze montovat i otočené o 180°",null,null,3]
[null,null,"• zajištění hlav šroubů proti pootočení",null,null,null,null,null,null,null,null,"• zajištění hlav šroubů proti pootočení",null,null,3]
[null,null,"• úhlové vychýlení max. 8°(+/- 4° na každé hrdlo)",null,null,null,null,null,null,null,null,"• úhlové vychýlení max. 8°(+/- 4° na každé hrdlo)",null,null,3]
[null,null,"• pro jištění tahových sil na PE (PE ? SDR 17) potrubí je doporučená instalace rozpěrných pouzder č. 6035",null,null,null,null,null,null,null,null,"• pro jištění tahových sil na PE (PE ? SDR 17) potrubí je doporučená instalace rozpěrných pouzder č. 6035",null,null,3]
[null,null,"materiál",null,null,null,null,null,null,null,null,"materiál",null,null,3]
[null,null,"tělo z tvárné litiny s epoxidovou povrchovou úpravou",null,null,null,null,null,null,null,null,"tělo z tvárné litiny s epoxidovou povrchovou úpravou",null,null,3]
[null,null,"upínací kroužek z tvárné litiny s epoxidovou povrchovou úpravou",null,null,null,null,null,null,null,null,"upínací kroužek z tvárné litiny s epoxidovou povrchovou úpravou",null,null,3]
[null,null,"těsnění z elastomeru",null,null,null,null,null,null,null,null,"těsnění z elastomeru",null,null,3]
[null,null,"SYNOFLEX kroužek z POM",null,null,null,null,null,null,null,null,"SYNOFLEX kroužek z POM",null,null,3]
[null,null,"šrouby a matice z nerezové oceli s povrchovou úpravou proti zadírání",null,null,null,null,null,null,null,null,"šrouby a matice z nerezové oceli s povrchovou úpravou proti zadírání",null,null,3]
[null,null,"zajištění hlav šroubů z oceli s ochrannou krytkou z elastomeru",null,null,null,null,null,null,null,null,"zajištění hlav šroubů z oceli s ochrannou krytkou z elastomeru",null,null,3]
[null,null,"distanční objímky z plastu",null,null,null,null,null,null,null,null,"distanční objímky z plastu",null,null,3]
[null,null,"rozpěrné pouzdro z nerezové oceli (č. 6035)",null,null,null,null,null,null,null,null,"rozpěrné pouzdro z nerezové oceli (č. 6035)",null,null,3]
[null,null,"jisticí prvek z nekorodující oceli",null,null,null,null,null,null,null,null,"jisticí prvek z nekorodující oceli",null,null,3]
[null,null,"segment SYNOFLEX kroužku z POM",null,null,null,null,null,null,null,null,"segment SYNOFLEX kroužku z POM",null,null,3]
[null,null,"Vodovodní řad PE D110x10,00 km 0,00 - 0,253.02:",null,0,null,null,null,null,null,null,null,"Vodovodní řad PE D110x10,00 km 0,00 - 0,253.02:"]
[null,null,"Synoflex spojka DN100:1",null,1,null,null,null,null,null,null,null,"Synoflex spojka DN100:1"]
[71,"422935323.01.R","Spojka Synoflex s přírubou reduk.7994, DN100/80","kus",1,null,{"$f":"E414*F414","v":0},1.0800000000000001E-2,{"$f":"E414*H414","v":1.0800000000000001E-2},null,{"$f":"E414*J414","v":0},null,null,null,2,null,null,null,null,null,null,null,null,null,null,null,3,1,"422935323.01.R",null,null,null,null,null,null,null,null,null,null,null,null,null,null,null,null,null,null,null,null,null,null,1,{"$f":"IF(AZ414=1,G414,0)","v":0},{"$f":"IF(AZ414=2,G414,0)","v":0},{"$f":"IF(AZ414=3,G414,0)","v":0},{"$f":"IF(AZ414=4,G414,0)","v":0},{"$f":"IF(AZ414=5,G414,0)","v":0},null,null,null,null,null,null,null,null,null,null,null,null,null,null,null,null,null,null,null,null,null,3,1]
[null,null,"Spojka s přírubou jištěná proti posunu pro všechny standardní materiály potrubí s velkým rozsahem vnějších průměrů potrubí a úhlovým vychýlením",null,null,null,null,null,null,null,null,"Spojka s přírubou jištěná proti posunu pro všechny standardní materiály potrubí s velkým rozsahem vnějších průměrů potrubí a úhlovým vychýlením",null,null,3]
[null,null,"PROVEDENÍ: hrdlo - příruba",null,null,null,null,null,null,null,null,"PROVEDENÍ: hrdlo - příruba",null,null,3]
[null,null,"dle EN 14 525",null,null,null,null,null,null,null,null,"dle EN 14 525",null,null,3]
[null,null,"příruba a opěrný kroužek: dle EN 1092-2 PN10 (případně PN16)",null,null,null,null,null,null,null,null,"příruba a opěrný kroužek: dle EN 1092-2 PN10 (případně PN16)",null,null,3]
[null,null,"tělo a přítlačný kroužek: z tvárné litny EN-GJS-400 s povrchovou úpravou vířivým slinováním",null,null,null,null,null,null,null,null,"tělo a přítlačný kroužek: z tvárné litny EN-GJS-400 s povrchovou úpravou vířivým slinováním",null,null,3]
[null,null,"flexibilní těsnění: z elastomeru dle EN 681-1 (vhodné pro pitnou vodu)",null,null,null,null,null,null,null,null,"flexibilní těsnění: z elastomeru dle EN 681-1 (vhodné pro pitnou vodu)",null,null,3]
[null,null,"flexibilní Synoflex kroužek: z POM sestaven z jednotlivých segmentů",null,null,null,null,null,null,null,null,"flexibilní Synoflex kroužek: z POM sestaven z jednotlivých segmentů",null,null,3]
[null,null,"jistící prvky: z nekorodující oceli na každém segmentu kroužku",null,null,null,null,null,null,null,null,"jistící prvky: z nekorodující oceli na každém segmentu kroužku",null,null,3]
[null,null,"šrouby a matice: z nerezové oceli s povrchovou úpravou proti zadírání",null,null,null,null,null,null,null,null,"šrouby a matice: z nerezové oceli s povrchovou úpravou proti zadírání",null,null,3]
[null,null,"podložky: z nerezové oceli s ochrannou krytkou z elastomeru",null,null,null,null,null,null,null,null,"podložky: z nerezové oceli s ochrannou krytkou z elastomeru",null,null,3]
[null,null,"šrbouby: lze použít i otočené o 180°",null,null,null,null,null,null,null,null,"šrbouby: lze použít i otočené o 180°",null,null,3]
[null,null,"distanční objímky: z plastu",null,null,null,null,null,null,null,null,"distanční objímky: z plastu",null,null,3]
[null,null,"úhlové vychýlení (ČSN EN 14 525)",null,null,null,null,null,null,null,null,"úhlové vychýlení (ČSN EN 14 525)",null,null,3]
[null,null,"pro jištění tahových sil na PE potrubí doporučujeme instalaci rozpěrných pouzder (č. 6035, 6036)",null,null,null,null,null,null,null,null,"pro jištění tahových sil na PE potrubí doporučujeme instalaci rozpěrných pouzder (č. 6035, 6036)",null,null,3]
[null,null,"Vodovodní řad PE D110x10,00 km 0,00 - 0,253.02:",null,0,null,null,null,null,null,null,null,"Vodovodní řad PE D110x10,00 km 0,00 - 0,253.02:"]
[null,null,"Synoflex s přírubou rekukovaná DN100/80:1",null,1,null,null,null,null,null,null,null,"Synoflex s přírubou rekukovaná DN100/80:1"]
[72,"422935323.R","Spojka Synoflex s přírubou 7994, DN100,PN 16","kus",1,null,{"$f":"E431*F431","v":0},1.0800000000000001E-2,{"$f":"E431*H431","v":1.0800000000000001E-2},null,{"$f":"E431*J431","v":0},null,null,null,2,null,null,null,null,null,null,null,null,null,null,null,3,1,"422935323.R",null,null,null,null,null,null,null,null,null,null,null,null,null,null,null,null,null,null,null,null,null,null,1,{"$f":"IF(AZ431=1,G431,0)","v":0},{"$f":"IF(AZ431=2,G431,0)","v":0},{"$f":"IF(AZ431=3,G431,0)","v":0},{"$f":"IF(AZ431=4,G431,0)","v":0},{"$f":"IF(AZ431=5,G431,0)","v":0},null,null,null,null,null,null,null,null,null,null,null,null,null,null,null,null,null,null,null,null,null,3,1]
[null,null,"Spojka s přírubou jištěná proti posunu pro všechny standardní materiály potrubí s velkým rozsahem vnějších průměrů potrubí a úhlovým vychýlením",null,null,null,null,null,null,null,null,"Spojka s přírubou jištěná proti posunu pro všechny standardní materiály potrubí s velkým rozsahem vnějších průměrů potrubí a úhlovým vychýlením",null,null,3]
[null,null,"PROVEDENÍ: hrdlo - příruba",null,null,null,null,null,null,null,null,"PROVEDENÍ: hrdlo - příruba",null,null,3]
[null,null,"dle EN 14 525",null,null,null,null,null,null,null,null,"dle EN 14 525",null,null,3]
[null,null,"příruba a opěrný kroužek: dle EN 1092-2 PN10 (případně PN16)",null,null,null,null,null,null,null,null,"příruba a opěrný kroužek: dle EN 1092-2 PN10 (případně PN16)",null,null,3]
[null,null,"tělo a přítlačný kroužek: z tvárné litny EN-GJS-400 s povrchovou úpravou vířivým slinováním",null,null,null,null,null,null,null,null,"tělo a přítlačný kroužek: z tvárné litny EN-GJS-400 s povrchovou úpravou vířivým slinováním",null,null,3]
[null,null,"flexibilní těsnění: z elastomeru dle EN 681-1 (vhodné pro pitnou vodu)",null,null,null,null,null,null,null,null,"flexibilní těsnění: z elastomeru dle EN 681-1 (vhodné pro pitnou vodu)",null,null,3]
[null,null,"flexibilní Synoflex kroužek: z POM sestaven z jednotlivých segmentů",null,null,null,null,null,null,null,null,"flexibilní Synoflex kroužek: z POM sestaven z jednotlivých segmentů",null,null,3]
[null,null,"jistící prvky: z nekorodující oceli na každém segmentu kroužku",null,null,null,null,null,null,null,null,"jistící prvky: z nekorodující oceli na každém segmentu kroužku",null,null,3]
[null,null,"šrouby a matice: z nerezové oceli s povrchovou úpravou proti zadírání",null,null,null,null,null,null,null,null,"šrouby a matice: z nerezové oceli s povrchovou úpravou proti zadírání",null,null,3]
[null,null,"podložky: z nerezové oceli s ochrannou krytkou z elastomeru",null,null,null,null,null,null,null,null,"podložky: z nerezové oceli s ochrannou krytkou z elastomeru",null,null,3]
[null,null,"šrbouby: lze použít i otočené o 180°",null,null,null,null,null,null,null,null,"šrbouby: lze použít i otočené o 180°",null,null,3]
[null,null,"distanční objímky: z plastu",null,null,null,null,null,null,null,null,"distanční objímky: z plastu",null,null,3]
[null,null,"úhlové vychýlení (ČSN EN 14 525)",null,null,null,null,null,null,null,null,"úhlové vychýlení (ČSN EN 14 525)",null,null,3]
[null,null,"pro jištění tahových sil na PE potrubí doporučujeme instalaci rozpěrných pouzder (č. 6035, 6036)",null,null,null,null,null,null,null,null,"pro jištění tahových sil na PE potrubí doporučujeme instalaci rozpěrných pouzder (č. 6035, 6036)",null,null,3]
[null,null,"Vodovodní řad PE D110x10,00 km 0,00 - 0,253.02:",null,0,null,null,null,null,null,null,null,"Vodovodní řad PE D110x10,00 km 0,00 - 0,253.02:"]
[null,null,"Synoflex s přírubou DN100:1",null,1,null,null,null,null,null,null,null,"Synoflex s přírubou DN100:1"]
[73,"552599943.R","Tvarovka přír. s přír. odb. T DN 100/80","kus",4,null,{"$f":"E448*F448","v":0},1.78E-2,{"$f":"E448*H448","v":7.1199999999999999E-2},null,{"$f":"E448*J448","v":0},null,null,null,2,null,null,null,null,null,null,null,null,null,null,null,3,1,"552599943.R",null,null,null,null,null,null,null,null,null,null,null,null,null,null,null,null,null,null,null,null,null,null,1,{"$f":"IF(AZ448=1,G448,0)","v":0},{"$f":"IF(AZ448=2,G448,0)","v":0},{"$f":"IF(AZ448=3,G448,0)","v":0},{"$f":"IF(AZ448=4,G448,0)","v":0},{"$f":"IF(AZ448=5,G448,0)","v":0},null,null,null,null,null,null,null,null,null,null,null,null,null,null,null,null,null,null,null,null,null,3,1]
[null,null,"Vodovodní řad PE D110x10,00 km 0,00 - 0,253.02:",null,0,null,null,null,null,null,null,null,"Vodovodní řad PE D110x10,00 km 0,00 - 0,253.02:"]
[null,null,"T DN100/80:4",null,4,null,null,null,null,null,null,null,"T DN100/80:4"]
[74,"552599944.R","Tvarovka přír. s přír. odb. T DN 100/100","kus",1,null,{"$f":"E451*F451","v":0},1.9699999999999999E-2,{"$f":"E451*H451","v":1.9699999999999999E-2},null,{"$f":"E451*J451","v":0},null,null,null,2,null,null,null,null,null,null,null,null,null,null,null,3,1,"552599944.R",null,null,null,null,null,null,null,null,null,null,null,null,null,null,null,null,null,null,null,null,null,null,1,{"$f":"IF(AZ451=1,G451,0)","v":0},{"$f":"IF(AZ451=2,G451,0)","v":0},{"$f":"IF(AZ451=3,G451,0)","v":0},{"$f":"IF(AZ451=4,G451,0)","v":0},{"$f":"IF(AZ451=5,G451,0)","v":0},null,null,null,null,null,null,null,null,null,null,null,null,null,null,null,null,null,null,null,null,null,3,1]
[null,null,"Vodovodní řad PE D110x10,00 km 0,00 - 0,253.02:",null,0,null,null,null,null,null,null,null,"Vodovodní řad PE D110x10,00 km 0,00 - 0,253.02:"]
[null,null,"T DN100/100:1",null,1,null,null,null,null,null,null,null,"T DN100/100:1"]
[75,"5526009705.R","Koleno prodloužené přír.s patkou PPL DN 80","kus",4,null,{"$f":"E454*F454","v":0},1.2200000000000001E-2,{"$f":"E454*H454","v":4.8800000000000003E-2},null,{"$f":"E454*J454","v":0},null,null,null,2,null,null,null,null,null,null,null,null,null,null,null,3,1,"5526009705.R",null,null,null,null,null,null,null,null,null,null,null,null,null,null,null,null,null,null,null,null,null,null,1,{"$f":"IF(AZ454=1,G454,0)","v":0},{"$f":"IF(AZ454=2,G454,0)","v":0},{"$f":"IF(AZ454=3,G454,0)","v":0},{"$f":"IF(AZ454=4,G454,0)","v":0},{"$f":"IF(AZ454=5,G454,0)","v":0},null,null,null,null,null,null,null,null,null,null,null,null,null,null,null,null,null,null,null,null,null,3,1]
[null,null,"Vodovodní řad PE D110x10,00 km 0,00 - 0,253.02:",null,0,null,null,null,null,null,null,null,"Vodovodní řad PE D110x10,00 km 0,00 - 0,253.02:"]
[null,null,"PPL DN80:4",null,4,null,null,null,null,null,null,null,"PPL DN80:4"]
[null,"Celkem za","8 Trubní vedení",null,null,null,{"$f":"SUM(G152:G456)","v":0},null,{"$f":"SUM(I152:I456)","v":3.8826305360000002},null,{"$f":"SUM(K152:K456)","v":0},null,null,null,4,null,null,null,null,null,null,null,null,null,null,null,null,null,null,null,null,null,null,null,null,null,null,null,null,null,null,null,null,null,null,null,null,null,null,null,null,null,{"$f":"SUM(BA152:BA456)","v":0},{"$f":"SUM(BB152:BB456)","v":0},{"$f":"SUM(BC152:BC456)","v":0},{"$f":"SUM(BD152:BD456)","v":0},{"$f":"SUM(BE152:BE456)","v":0}]
["Díl:","99","Staveništní přesun hmot",null,null,null,null,null,null,null,null,null,null,null,1]
[76,"998276101RXX","Přesun hmot, trubní vedení plastová, otevř. výkop pro celý rozsah objektu","t",803.99002127000006,null,{"$f":"E459*F459","v":0},0,{"$f":"E459*H459","v":0},null,{"$f":"E459*J459","v":0},null,null,null,2,null,null,null,null,null,null,null,null,null,null,null,7,1,2,null,null,null,null,null,null,null,null,null,null,null,null,null,null,null,null,null,null,null,null,null,null,1,{"$f":"IF(AZ459=1,G459,0)","v":0},{"$f":"IF(AZ459=2,G459,0)","v":0},{"$f":"IF(AZ459=3,G459,0)","v":0},{"$f":"IF(AZ459=4,G459,0)","v":0},{"$f":"IF(AZ459=5,G459,0)","v":0},null,null,null,null,null,null,null,null,null,null,null,null,null,null,null,null,null,null,null,null,null,7,1]
[null,null,"Staveništní doprava pro celý rozsah objektu - doprava zmeziskládek vybudovaného zařízení staveniště zhotovitele na jednotlivé části staveniště.",null,null,null,null,null,null,null,null,"Staveništní doprava pro celý rozsah objektu - doprava zmeziskládek vybudovaného zařízení staveniště zhotovitele na jednotlivé části staveniště.",null,null,3]
[null,"Celkem za","99 Staveništní přesun hmot",null,null,null,{"$f":"SUM(G458:G460)","v":0},null,{"$f":"SUM(I458:I460)","v":0},null,{"$f":"SUM(K458:K460)","v":0},null,null,null,4,null,null,null,null,null,null,null,null,null,null,null,null,null,null,null,null,null,null,null,null,null,null,null,null,null,null,null,null,null,null,null,null,null,null,null,null,null,{"$f":"SUM(BA458:BA460)","v":0},{"$f":"SUM(BB458:BB460)","v":0},{"$f":"SUM(BC458:BC460)","v":0},{"$f":"SUM(BD458:BD460)","v":0},{"$f":"SUM(BE458:BE460)","v":0}]

{"sheet":"OaVNS","index":4,"n_rows":30,"n_cols":67,"rows_kept":30,"cut":false,"hidden":false,"merged":[[0,0,0,6],[2,0,2,1],[3,0,3,1],[3,4,3,6],[6,2,6,6]]}
["Položkový rozpočet "]
[]
["Stavba :",null,"3418 Rekonstrukce vodovodu ul. Mlynářská",null,"Rozpočet:","OaVNS"]
["Objekt :",null,"OaVNS - Ostatní a vedlejší náklady stavby ",null,"Ostatní a vedlejší náklady stavby"]
[]
["P.č.","Číslo položky","Název položky","MJ","množství","cena / MJ","celkem (Kč)","Jednotková hmotnost","Celková hmotnost","Jednotková dem.hmot.","Celková dem.hmot."]
["Díl:","950","Ostatní náklady stavby"]
[1,"950 99-0001.ONS","Zajištění prostoru a vybudování zařízení staveniště včetně potřebných staveništních komunikací","soubor",1,null,{"$f":"SUM(E8*F8)","v":0},8.6899999999999998E-3,{"$f":"E8*H8","v":8.6899999999999998E-3},0,{"$f":"E8*J8","v":0},null,null,null,null,null,null,null,null,null,null,null,null,null,null,null,null,null,null,null,null,null,null,null,null,null,null,null,null,null,null,null,null,null,null,null,null,null,null,null,null,null,null,null,null,null,null,null,null,null,null,null,null,null,null,1,1]
[2,"950 99-0003.ONS","Zajištění bezpečnosti při provádění stavby ve smyslu bezpečnosti práce i ochrany životního prostředí a zeleně","soubor",1,null,{"$f":"SUM(E9*F9)","v":0}]
[3,"950 99-0005.ONS","Vytýčení stavby a hranic pozemků při provádění stavby ","soubor",1,null,0]
[4,"950 99-0006.ONS","Zajištění včasného oznámení o zahájení prací majitelům pozemků a správců sítí dotčených stavbou","soubor",1,null,0]
[5,"950 99-0007.ONS","Spolupráce s vlastníky pozemků při případném uvolnění pozemků pro stavbu (např. skládky osobního materiálu vlastníků)","soubor",1,null,0,2.478E-2,{"$f":"E12*H12","v":2.478E-2},0,{"$f":"E12*J12","v":0},null,null,null,null,null,null,null,null,null,null,null,null,null,null,null,null,null,null,null,null,null,null,null,null,null,null,null,null,null,null,null,null,null,null,null,null,null,null,null,null,null,null,null,null,null,null,null,null,null,null,null,null,null,null,1,1]
[6,"950 99-0008.ONS","Zajištění vytýčení podzemních zařízení, a v případě jejich křížení či souběhu v otevřeném výkopu, jejich písemné předání zpět jejich správcům před zásypem","soubor",1,null,0]
[7,"950 99-0009.ONS","Vypracování a projednání návrhu dočasných dopravních opatření (případně i po etapách dle zvoleného postupu prací zhotovitelem)","soubor",1,null,0]
[8,"950 99-0010.ONS","Zajištění povolení zvláštního užívání komunikací v souladu s postupem výstavby,včetně správních poplatků a povolení k užívání dalších, stavbou dotčených pozemků   (skládky materiálu, mezideponie atd.)","soubor",1,null,0]
[9,"950 99-0011.ONS","Zřízení, údržba a likvidace dopravního opatření po dobu realizace stavby (případně i po etapách dle zvoleného postupu prací zhotovitelem)","soubor",1,null,0,0,{"$f":"E16*H16","v":0},0,{"$f":"E16*J16","v":0},null,null,null,null,null,null,null,null,null,null,null,null,null,null,null,null,null,null,null,null,null,null,null,null,null,null,null,null,null,null,null,null,null,null,null,null,null,null,null,null,null,null,null,null,null,null,null,null,null,null,null,null,null,null,1,1]
[10,"950 99-0013.ONS","Zajištění činnosti odpovědného geodeta zhotovitele","soubor",1,null,0]
[11,"950 99-0014.ONS","Zajištění činnosti odpovědného geologa zhotovitele","soubor",1,null,0]
[12,"950 99-0015.ONS","Zajištění čistoty na staveništi a v jeho okolí, zajištění každodenního čištění komunikací dotčených provozem zhotovitele","soubor",1,null,0]
[13,"950 99-0016.ONS","Fotodokumentace průběhu díla; zhotovitel zajistí a předá objednateli průběžnou fotodokumentaci realizace díla. Fotodokumentace bude dokladovat průběh díla a bude zejména dokumentovat části stavby a konstrukce před jejich zakrytím","soubor",1,null,0]
[14,"950 99-0017.ONS","Péče o nepředané objekty nebo jejich části a konstrukce stavby, jejich ošetřování a nutný rozsah pojištění","soubor",1,null,0,0,{"$f":"E21*H21","v":0},0,{"$f":"E21*J21","v":0},null,null,null,null,null,null,null,null,null,null,null,null,null,null,null,null,null,null,null,null,null,null,null,null,null,null,null,null,null,null,null,null,null,null,null,null,null,null,null,null,null,null,null,null,null,null,null,null,null,null,null,null,null,null,1,1]
[15,"950 99-0018.ONS","Zkoušky hutnění komunikací a rýh dle ČSN a EN","soubor",1,null,0]
[16,"950 99-0021.ONS","Inženýrská a kompletační činnost zhotovitele ","soubor",1,null,0]
[17,"950 99-0022.ONS","Zhotovení dokumentace skutečného provedení díla ","soubor",1,null,0]
[18,"950 99-0023.ONS","Geodetické zaměření stavby","soubor",1,null,0]
[19,"950 99-0024.ONS","Pasportizace objektů a komunikací před zahájením stavby včetně předání fotokokumentace investorovi stavby v digitální a tištěné podobě.","soubor",1,null,0]
[20,"950 99-0026.ONS","Provizorní zásobování vodou (cisterna)","soubor",1,null,0]
[21,"950 99-0027.ONS","Ostatní činnosti nutné ke zdárnému provedení díla, které jsou vymezeny zejména v technické specifikaci stavby","soubor",1,null,0]
[]
[null,"ONS Celkem",null,null,null,null,{"$f":"SUM(G8:G28)","v":0}]